Trouvez le drapeau mystère avec des indices de couleur - Aléatoire - Statistiques

Statistiques générales
  • Ce quiz a été pris 2 002 fois
    1 874 depuis la dernière actualisation
  • Le résultat moyen est 21 sur 196
Réponses sur la Carte
Les réponses sont colorées sur une échelle allant du rouge au vert en fonction du pourcentage des utilisateurs qui les ont devinées à leur premier essai. Vous pouvez retrouver ces pourcentages ci-dessous.
 
Statistiques - réponses
code Pays % Correct
Pays Cambodge
100%
Pays Costa Rica
100%
Pays France
100%
Pays Indonésie
100%
Pays Philippines
100%
Pays Pologne
100%
Pays Suisse
100%
Pays Suriname
100%
Pays Thaïlande
100%
Pays France
95%
Pays France
94%
Pays France
93%
Pays France
92%
Pays France
91%
Pays France
90%
Pays Afghanistan
89%
Pays Afrique du Sud
89%
Pays Albanie
89%
Pays Algérie
89%
Pays Allemagne
89%
Pays Andorre
89%
Pays Angola
89%
Pays Antigua-et-Barbuda
89%
Pays Arabie Saoudite
89%
Pays Argentine
89%
Pays Arménie
89%
Pays Australie
89%
Pays Autriche
89%
Pays Azerbaïdjan
89%
Pays Bahamas
89%
Pays Bahreïn
89%
Pays Bangladesh
89%
Pays Barbade
89%
Pays Belgique
89%
Pays Belize
89%
Pays Bénin
89%
Pays Bhoutan
89%
Pays Biélorussie
89%
Pays Birmanie
89%
Pays Bolivie
89%
Pays Bosnie-Herzégovine
89%
Pays Botswana
89%
Pays Brésil
89%
Pays Brunei
89%
Pays Bulgarie
89%
Pays Burkina Faso
89%
Pays Burundi
89%
Pays Cameroun
89%
Pays Canada
89%
Pays Cap-Vert
89%
Pays Chili
89%
Pays Chine
89%
Pays Chypre
89%
Pays Colombie
89%
Pays Comores
89%
Pays Corée du Nord
89%
Pays Corée du Sud
89%
Pays Côte d'Ivoire
89%
Pays Croatie
89%
Pays Cuba
89%
Pays Danemark
89%
Pays Djibouti
89%
Pays Dominique
89%
Pays Égypte
89%
Pays Émirats Arabes Unis
89%
Pays Équateur
89%
Pays Érythrée
89%
Pays Espagne
89%
Pays Estonie
89%
Pays Eswatini
89%
Pays États Fédérés de Micronésie
89%
Pays États-Unis
89%
Pays Éthiopie
89%
Pays Fidji
89%
Pays Finlande
89%
Pays France
89%
Pays Gabon
89%
Pays Gambie
89%
Pays Géorgie
89%
Pays Ghana
89%
Pays Grèce
89%
Pays Grenade
89%
Pays Guatemala
89%
Pays Guinée
89%
Pays Guinée-Bissau
89%
Pays Guinée Équatoriale
89%
Pays Guyana
89%
Pays Haïti
89%
Pays Honduras
89%
Pays Hongrie
89%
Pays Îles Marshall
89%
Pays Îles Salomon
89%
Pays Inde
89%
Pays Irak
89%
Pays Iran
89%
Pays Irlande
89%
Pays Islande
89%
Pays Israël
89%
Pays Italie
89%
Pays Jamaïque
89%
Pays Japon
89%
Pays Jordanie
89%
Pays Kazakhstan
89%
Pays Kenya
89%
Pays Kirghizistan
89%
Pays Kiribati
89%
Pays Kosovo
89%
Pays Koweït
89%
Pays Laos
89%
Pays Lesotho
89%
Pays Lettonie
89%
Pays Liban
89%
Pays Liberia
89%
Pays Libye
89%
Pays Liechtenstein
89%
Pays Lituanie
89%
Pays Luxembourg
89%
Pays Macédoine du Nord
89%
Pays Madagascar
89%
Pays Malaisie
89%
Pays Malawi
89%
Pays Maldives
89%
Pays Mali
89%
Pays Malte
89%
Pays Maroc
89%
Pays Maurice
89%
Pays Mauritanie
89%
Pays Mexique
89%
Pays Moldavie
89%
Pays Monaco
89%
Pays Mongolie
89%
Pays Monténégro
89%
Pays Mozambique
89%
Pays Namibie
89%
Pays Nauru
89%
Pays Népal
89%
Pays Nicaragua
89%
Pays Niger
89%
Pays Nigeria
89%
Pays Norvège
89%
Pays Nouvelle-Zélande
89%
Pays Oman
89%
Pays Ouganda
89%
Pays Ouzbékistan
89%
Pays Pakistan
89%
Pays Palaos
89%
Pays Panama
89%
Pays Papouasie-Nouvelle- Guinée
89%
Pays Paraguay
89%
Pays Pays-Bas
89%
Pays Pérou
89%
Pays Portugal
89%
Pays Qatar
89%
Pays République Centrafricaine
89%
Pays République Démocratique du Congo
89%
Pays République Dominicaine
89%
Pays République du Congo
89%
Pays République Tchèque
89%
Pays Roumanie
89%
Pays Royaume-Uni
89%
Pays Russie
89%
Pays Rwanda
89%
Pays Saint-Christophe- et-Niévès
89%
Pays Sainte-Lucie
89%
Pays Saint-Marin
89%
Pays Saint-Vincent-et-les- Grenadines
89%
Pays Salvador
89%
Pays Samoa
89%
Pays Sao Tomé-et-Principe
89%
Pays Sénégal
89%
Pays Serbie
89%
Pays Seychelles
89%
Pays Sierra Leone
89%
Pays Singapour
89%
Pays Slovaquie
89%
Pays Slovénie
89%
Pays Somalie
89%
Pays Soudan
89%
Pays Soudan du Sud
89%
Pays Sri Lanka
89%
Pays Suède
89%
Pays Syrie
89%
Pays Tadjikistan
89%
Pays Taïwan
89%
Pays Tanzanie
89%
Pays Tchad
89%
Pays Timor Oriental
89%
Pays Togo
89%
Pays Tonga
89%
Pays Trinité-et-Tobago
89%
Pays Tunisie
89%
Pays Turkménistan
89%
Pays Turquie
89%
Pays Tuvalu
89%
Pays Ukraine
89%
Pays Uruguay
89%
Pays Vanuatu
89%
Pays Vatican
89%
Pays Venezuela
89%
Pays Viêt Nam
89%
Pays Yémen
89%
Pays Zambie
89%
Pays Zimbabwe
89%
Pays France
88%
Pays France
87%
Pays France
86%
Pays France
84%
Pays France
82%
Pays France
81%
Pays États-Unis
80%
Pays France
77%
Pays France
75%
Pays États-Unis
73%
Pays France
73%
Pays Brésil
71%
Pays États-Unis
71%
Pays États-Unis
70%
Pays Russie
70%
Pays États-Unis
69%
Pays France
68%
Pays Brésil
67%
Pays États-Unis
67%
Pays Italie
67%
Pays Chine
65%
Pays États-Unis
65%
Pays France
65%
Pays Luxembourg
65%
Pays Pays-Bas
65%
Pays Russie
65%
Pays Brésil
64%
Pays France
64%
Pays Brésil
63%
Pays Chine
63%
Pays États-Unis
63%
Pays Italie
63%
Pays Brésil
62%
Pays États-Unis
62%
Pays Russie
62%
Pays Brésil
61%
Pays Algérie
60%
Pays Allemagne
60%
Pays Chine
60%
Pays Espagne
60%
Pays États-Unis
60%
Pays Luxembourg
60%
Pays Pays-Bas
60%
Pays Russie
60%
Pays Italie
59%
Pays Russie
59%
Pays Brésil
58%
Pays Chine
58%
Pays États-Unis
58%
Pays Espagne
57%
Pays Russie
57%
Pays Brésil
56%
Pays États-Unis
56%
Pays Russie
56%
Pays Chine
54%
Pays Algérie
53%
Pays Argentine
53%
Pays Australie
53%
Pays Brésil
53%
Pays Chine
53%
Pays Espagne
53%
Pays Italie
53%
Pays Russie
53%
Pays Chine
52%
Pays Australie
50%
Pays Belgique
50%
Pays Brésil
50%
Pays Chine
50%
Pays Espagne
50%
Pays États-Unis
50%
Pays Italie
50%
Pays Luxembourg
50%
Pays Royaume-Uni
50%
Pays Russie
50%
Pays Slovénie
50%
Pays Turquie
50%
Pays Australie
48%
Pays Allemagne
47%
Pays Brésil
47%
Pays Canada
47%
Pays Chine
47%
Pays Espagne
47%
Pays États-Unis
47%
Pays Italie
47%
Pays Mexique
47%
Pays Niger
47%
Pays Nigeria
47%
Pays Russie
47%
Pays Soudan
47%
Pays Australie
46%
Pays États-Unis
46%
Pays Russie
46%
Pays Brésil
45%
Pays États-Unis
45%
Pays Italie
45%
Pays Nouvelle-Zélande
45%
Pays Russie
45%
Pays Australie
44%
Pays Brésil
44%
Pays États-Unis
44%
Pays Italie
44%
Pays Pays-Bas
44%
Pays Russie
44%
Pays Allemagne
43%
Pays Brésil
43%
Pays États-Unis
43%
Pays Russie
43%
Pays Australie
42%
Pays Chine
42%
Pays États-Unis
42%
Pays Inde
42%
Pays Italie
42%
Pays Mali
42%
Pays Roumanie
42%
Pays Russie
42%
Pays Allemagne
41%
Pays Australie
41%
Pays Brésil
41%
Pays Chine
41%
Pays États-Unis
41%
Pays Inde
41%
Pays Russie
41%
Pays Afrique du Sud
40%
Pays Argentine
40%
Pays Arménie
40%
Pays Bosnie-Herzégovine
40%
Pays Brésil
40%
Pays Canada
40%
Pays Chine
40%
Pays Chypre
40%
Pays Colombie
40%
Pays Comores
40%
Pays Costa Rica
40%
Pays Croatie
40%
Pays Égypte
40%
Pays États-Unis
40%
Pays Grèce
40%
Pays Inde
40%
Pays Irak
40%
Pays Iran
40%
Pays Irlande
40%
Pays Italie
40%
Pays Jamaïque
40%
Pays Japon
40%
Pays Kazakhstan
40%
Pays Kosovo
40%
Pays Lesotho
40%
Pays Liban
40%
Pays Liechtenstein
40%
Pays Madagascar
40%
Pays Maroc
40%
Pays Mexique
40%
Pays Moldavie
40%
Pays Mongolie
40%
Pays Norvège
40%
Pays Nouvelle-Zélande
40%
Pays Ouganda
40%
Pays Panama
40%
Pays Paraguay
40%
Pays Pays-Bas
40%
Pays Pologne
40%
Pays République Démocratique du Congo
40%
Pays Roumanie
40%
Pays Royaume-Uni
40%
Pays Russie
40%
Pays Serbie
40%
Pays Seychelles
40%
Pays Singapour
40%
Pays Slovaquie
40%
Pays Slovénie
40%
Pays Soudan du Sud
40%
Pays Suède
40%
Pays Suisse
40%
Pays Tchad
40%
Pays Tunisie
40%
Pays Uruguay
40%
Pays Venezuela
40%
Pays Australie
39%
Pays Brésil
39%
Pays Chine
39%
Pays Afrique du Sud
38%
Pays Allemagne
38%
Pays Australie
38%
Pays Brésil
38%
Pays Canada
38%
Pays Chine
38%
Pays États-Unis
38%
Pays Inde
38%
Pays Italie
38%
Pays Luxembourg
38%
Pays Pays-Bas
38%
Pays Russie
38%
Pays Afrique du Sud
37%
Pays Algérie
37%
Pays Allemagne
37%
Pays Australie
37%
Pays Canada
37%
Pays Espagne
37%
Pays États-Unis
37%
Pays Italie
37%
Pays Norvège
37%
Pays Afrique du Sud
36%
Pays Australie
36%
Pays Canada
36%
Pays Chine
36%
Pays États-Unis
36%
Pays Indonésie
36%
Pays Italie
36%
Pays Maroc
36%
Pays Monaco
36%
Pays Pologne
36%
Pays Suisse
36%
Pays Allemagne
35%
Pays Argentine
35%
Pays Australie
35%
Pays Belgique
35%
Pays Brésil
35%
Pays Canada
35%
Pays Chine
35%
Pays Espagne
35%
Pays États-Unis
35%
Pays Islande
35%
Pays Italie
35%
Pays Japon
35%
Pays Nouvelle-Zélande
35%
Pays République Démocratique du Congo
35%
Pays Russie
35%
Pays Afghanistan
33%
Pays Afrique du Sud
33%
Pays Albanie
33%
Pays Andorre
33%
Pays Angola
33%
Pays Antigua-et-Barbuda
33%
Pays Arabie Saoudite
33%
Pays Autriche
33%
Pays Azerbaïdjan
33%
Pays Bahamas
33%
Pays Bahreïn
33%
Pays Bangladesh
33%
Pays Barbade
33%
Pays Belgique
33%
Pays Belize
33%
Pays Bénin
33%
Pays Bhoutan
33%
Pays Biélorussie
33%
Pays Birmanie
33%
Pays Bolivie
33%
Pays Bosnie-Herzégovine
33%
Pays Botswana
33%
Pays Brésil
33%
Pays Brunei
33%
Pays Bulgarie
33%
Pays Burkina Faso
33%
Pays Burundi
33%
Pays Cambodge
33%
Pays Cameroun
33%
Pays Canada
33%
Pays Cap-Vert
33%
Pays Chili
33%
Pays Chine
33%
Pays Corée du Nord
33%
Pays Corée du Sud
33%
Pays Costa Rica
33%
Pays Côte d'Ivoire
33%
Pays Cuba
33%
Pays Danemark
33%
Pays Djibouti
33%
Pays Dominique
33%
Pays Émirats Arabes Unis
33%
Pays Équateur
33%
Pays Érythrée
33%
Pays Espagne
33%
Pays Estonie
33%
Pays Eswatini
33%
Pays États Fédérés de Micronésie
33%
Pays États-Unis
33%
Pays Éthiopie
33%
Pays Fidji
33%
Pays Finlande
33%
Pays Gabon
33%
Pays Gambie
33%
Pays Géorgie
33%
Pays Ghana
33%
Pays Grenade
33%
Pays Guatemala
33%
Pays Guinée
33%
Pays Guinée-Bissau
33%
Pays Guinée Équatoriale
33%
Pays Guyana
33%
Pays Haïti
33%
Pays Honduras
33%
Pays Hongrie
33%
Pays Îles Marshall
33%
Pays Îles Salomon
33%
Pays Indonésie
33%
Pays Irlande
33%
Pays Islande
33%
Pays Israël
33%
Pays Italie
33%
Pays Jamaïque
33%
Pays Jordanie
33%
Pays Kenya
33%
Pays Kirghizistan
33%
Pays Kiribati
33%
Pays Koweït
33%
Pays Laos
33%
Pays Lettonie
33%
Pays Liberia
33%
Pays Libye
33%
Pays Liechtenstein
33%
Pays Lituanie
33%
Pays Luxembourg
33%
Pays Macédoine du Nord
33%
Pays Malaisie
33%
Pays Malawi
33%
Pays Maldives
33%
Pays Mali
33%
Pays Malte
33%
Pays Maurice
33%
Pays Mauritanie
33%
Pays Monaco
33%
Pays Monténégro
33%
Pays Mozambique
33%
Pays Namibie
33%
Pays Nauru
33%
Pays Népal
33%
Pays Nicaragua
33%
Pays Norvège
33%
Pays Nouvelle-Zélande
33%
Pays Oman
33%
Pays Ouzbékistan
33%
Pays Pakistan
33%
Pays Palaos
33%
Pays Panama
33%
Pays Papouasie-Nouvelle- Guinée
33%
Pays Paraguay
33%
Pays Pérou
33%
Pays Philippines
33%
Pays Pologne
33%
Pays Portugal
33%
Pays Qatar
33%
Pays République Centrafricaine
33%
Pays République Démocratique du Congo
33%
Pays République Dominicaine
33%
Pays République du Congo
33%
Pays République Tchèque
33%
Pays Roumanie
33%
Pays Royaume-Uni
33%
Pays Russie
33%
Pays Rwanda
33%
Pays Saint-Christophe- et-Niévès
33%
Pays Sainte-Lucie
33%
Pays Saint-Marin
33%
Pays Saint-Vincent-et-les- Grenadines
33%
Pays Salvador
33%
Pays Samoa
33%
Pays Sao Tomé-et-Principe
33%
Pays Sénégal
33%
Pays Serbie
33%
Pays Sierra Leone
33%
Pays Slovaquie
33%
Pays Slovénie
33%
Pays Somalie
33%
Pays Sri Lanka
33%
Pays Suriname
33%
Pays Syrie
33%
Pays Tadjikistan
33%
Pays Taïwan
33%
Pays Tanzanie
33%
Pays Thaïlande
33%
Pays Timor Oriental
33%
Pays Togo
33%
Pays Tonga
33%
Pays Trinité-et-Tobago
33%
Pays Tunisie
33%
Pays Turkménistan
33%
Pays Turquie
33%
Pays Tuvalu
33%
Pays Ukraine
33%
Pays Vanuatu
33%
Pays Vatican
33%
Pays Viêt Nam
33%
Pays Yémen
33%
Pays Zambie
33%
Pays Zimbabwe
33%
Pays Algérie
32%
Pays Espagne
32%
Pays Hongrie
32%
Pays Inde
32%
Pays Italie
32%
Pays Japon
32%
Pays Maroc
32%
Pays Mexique
32%
Pays Royaume-Uni
32%
Pays Suède
32%
Pays Afrique du Sud
31%
Pays Allemagne
31%
Pays Argentine
31%
Pays Australie
31%
Pays Brésil
31%
Pays Bulgarie
31%
Pays Canada
31%
Pays Chine
31%
Pays Espagne
31%
Pays États-Unis
31%
Pays Guinée
31%
Pays Italie
31%
Pays Japon
31%
Pays Mexique
31%
Pays Russie
31%
Pays Afghanistan
30%
Pays Albanie
30%
Pays Andorre
30%
Pays Angola
30%
Pays Antigua-et-Barbuda
30%
Pays Arabie Saoudite
30%
Pays Arménie
30%
Pays Autriche
30%
Pays Azerbaïdjan
30%
Pays Bahamas
30%
Pays Bahreïn
30%
Pays Bangladesh
30%
Pays Barbade
30%
Pays Belize
30%
Pays Bénin
30%
Pays Bhoutan
30%
Pays Biélorussie
30%
Pays Birmanie
30%
Pays Bolivie
30%
Pays Botswana
30%
Pays Brunei
30%
Pays Bulgarie
30%
Pays Burkina Faso
30%
Pays Burundi
30%
Pays Cambodge
30%
Pays Cameroun
30%
Pays Canada
30%
Pays Cap-Vert
30%
Pays Chili
30%
Pays Chypre
30%
Pays Colombie
30%
Pays Comores
30%
Pays Corée du Nord
30%
Pays Corée du Sud
30%
Pays Costa Rica
30%
Pays Côte d'Ivoire
30%
Pays Cuba
30%
Pays Danemark
30%
Pays Djibouti
30%
Pays Dominique
30%
Pays Égypte
30%
Pays Émirats Arabes Unis
30%
Pays Équateur
30%
Pays Érythrée
30%
Pays Estonie
30%
Pays Eswatini
30%
Pays États Fédérés de Micronésie
30%
Pays Éthiopie
30%
Pays Fidji
30%
Pays Finlande
30%
Pays Gabon
30%
Pays Gambie
30%
Pays Géorgie
30%
Pays Ghana
30%
Pays Grenade
30%
Pays Guatemala
30%
Pays Guinée
30%
Pays Guinée-Bissau
30%
Pays Guinée Équatoriale
30%
Pays Guyana
30%
Pays Haïti
30%
Pays Honduras
30%
Pays Hongrie
30%
Pays Îles Marshall
30%
Pays Îles Salomon
30%
Pays Inde
30%
Pays Indonésie
30%
Pays Irak
30%
Pays Iran
30%
Pays Islande
30%
Pays Israël
30%
Pays Italie
30%
Pays Japon
30%
Pays Jordanie
30%
Pays Kazakhstan
30%
Pays Kenya
30%
Pays Kirghizistan
30%
Pays Kiribati
30%
Pays Koweït
30%
Pays Laos
30%
Pays Lesotho
30%
Pays Lettonie
30%
Pays Liban
30%
Pays Liberia
30%
Pays Libye
30%
Pays Lituanie
30%
Pays Macédoine du Nord
30%
Pays Malaisie
30%
Pays Malawi
30%
Pays Maldives
30%
Pays Mali
30%
Pays Malte
30%
Pays Maurice
30%
Pays Mauritanie
30%
Pays Mexique
30%
Pays Monaco
30%
Pays Monténégro
30%
Pays Mozambique
30%
Pays Namibie
30%
Pays Nauru
30%
Pays Népal
30%
Pays Nicaragua
30%
Pays Niger
30%
Pays Nigeria
30%
Pays Oman
30%
Pays Ouganda
30%
Pays Ouzbékistan
30%
Pays Pakistan
30%
Pays Palaos
30%
Pays Papouasie-Nouvelle- Guinée
30%
Pays Paraguay
30%
Pays Pérou
30%
Pays Philippines
30%
Pays Portugal
30%
Pays Qatar
30%
Pays République Centrafricaine
30%
Pays République Dominicaine
30%
Pays République du Congo
30%
Pays République Tchèque
30%
Pays Rwanda
30%
Pays Saint-Christophe- et-Niévès
30%
Pays Sainte-Lucie
30%
Pays Saint-Marin
30%
Pays Saint-Vincent-et-les- Grenadines
30%
Pays Salvador
30%
Pays Samoa
30%
Pays Sao Tomé-et-Principe
30%
Pays Sénégal
30%
Pays Serbie
30%
Pays Seychelles
30%
Pays Sierra Leone
30%
Pays Singapour
30%
Pays Somalie
30%
Pays Soudan
30%
Pays Soudan du Sud
30%
Pays Sri Lanka
30%
Pays Suède
30%
Pays Suriname
30%
Pays Syrie
30%
Pays Tadjikistan
30%
Pays Taïwan
30%
Pays Tanzanie
30%
Pays Tchad
30%
Pays Thaïlande
30%
Pays Timor Oriental
30%
Pays Togo
30%
Pays Tonga
30%
Pays Trinité-et-Tobago
30%
Pays Turkménistan
30%
Pays Tuvalu
30%
Pays Ukraine
30%
Pays Vanuatu
30%
Pays Vatican
30%
Pays Venezuela
30%
Pays Viêt Nam
30%
Pays Yémen
30%
Pays Zambie
30%
Pays Zimbabwe
30%
Pays Algérie
29%
Pays Allemagne
29%
Pays Andorre
29%
Pays Argentine
29%
Pays Australie
29%
Pays Brésil
29%
Pays Canada
29%
Pays Croatie
29%
Pays Espagne
29%
Pays Éthiopie
29%
Pays Inde
29%
Pays Irlande
29%
Pays Italie
29%
Pays Japon
29%
Pays Luxembourg
29%
Pays Maroc
29%
Pays Mexique
29%
Pays Moldavie
29%
Pays Monaco
29%
Pays Mongolie
29%
Pays Niger
29%
Pays Pays-Bas
29%
Pays Pologne
29%
Pays Portugal
29%
Pays République Démocratique du Congo
29%
Pays République du Congo
29%
Pays Roumanie
29%
Pays Royaume-Uni
29%
Pays Russie
29%
Pays Tchad
29%
Pays Ukraine
29%
Pays Viêt Nam
29%
Pays Algérie
28%
Pays Andorre
28%
Pays Argentine
28%
Pays Chili
28%
Pays Espagne
28%
Pays Italie
28%
Pays Roumanie
28%
Pays Afrique du Sud
27%
Pays Allemagne
27%
Pays Argentine
27%
Pays Australie
27%
Pays Bahamas
27%
Pays Belgique
27%
Pays Brunei
27%
Pays Bulgarie
27%
Pays Canada
27%
Pays Chine
27%
Pays Colombie
27%
Pays Costa Rica
27%
Pays Cuba
27%
Pays Espagne
27%
Pays États-Unis
27%
Pays Gambie
27%
Pays Guyana
27%
Pays Haïti
27%
Pays Honduras
27%
Pays Hongrie
27%
Pays Inde
27%
Pays Islande
27%
Pays Italie
27%
Pays Japon
27%
Pays Kazakhstan
27%
Pays Lettonie
27%
Pays Lituanie
27%
Pays Maroc
27%
Pays Maurice
27%
Pays Mexique
27%
Pays Moldavie
27%
Pays Nouvelle-Zélande
27%
Pays Pays-Bas
27%
Pays Pérou
27%
Pays Portugal
27%
Pays République Dominicaine
27%
Pays Russie
27%
Pays Serbie
27%
Pays Seychelles
27%
Pays Suède
27%
Pays Thaïlande
27%
Pays Venezuela
27%
Pays Allemagne
26%
Pays Argentine
26%
Pays Australie
26%
Pays Belgique
26%
Pays Bolivie
26%
Pays Bulgarie
26%
Pays Canada
26%
Pays Chine
26%
Pays Espagne
26%
Pays Gambie
26%
Pays Haïti
26%
Pays Inde
26%
Pays Italie
26%
Pays Jamaïque
26%
Pays Japon
26%
Pays Kazakhstan
26%
Pays Lituanie
26%
Pays Mali
26%
Pays Maroc
26%
Pays Pays-Bas
26%
Pays Pologne
26%
Pays Portugal
26%
Pays Roumanie
26%
Pays Sénégal
26%
Pays Somalie
26%
Pays Ukraine
26%
Pays Viêt Nam
26%
Pays Afrique du Sud
25%
Pays Algérie
25%
Pays Allemagne
25%
Pays Argentine
25%
Pays Australie
25%
Pays Belgique
25%
Pays Bolivie
25%
Pays Brésil
25%
Pays Cameroun
25%
Pays Canada
25%
Pays Chili
25%
Pays Chine
25%
Pays Cuba
25%
Pays Danemark
25%
Pays Espagne
25%
Pays Finlande
25%
Pays Grèce
25%
Pays Hongrie
25%
Pays Inde
25%
Pays Indonésie
25%
Pays Irlande
25%
Pays Japon
25%
Pays Kosovo
25%
Pays Liberia
25%
Pays Luxembourg
25%
Pays Maroc
25%
Pays Mexique
25%
Pays Monaco
25%
Pays Niger
25%
Pays Norvège
25%
Pays Nouvelle-Zélande
25%
Pays Pays-Bas
25%
Pays République Dominicaine
25%
Pays Roumanie
25%
Pays Royaume-Uni
25%
Pays Russie
25%
Pays Seychelles
25%
Pays Suisse
25%
Pays Tchad
25%
Pays Viêt Nam
25%
Pays Afrique du Sud
24%
Pays Albanie
24%
Pays Algérie
24%
Pays Allemagne
24%
Pays Angola
24%
Pays Argentine
24%
Pays Australie
24%
Pays Belgique
24%
Pays Bénin
24%
Pays Birmanie
24%
Pays Bolivie
24%
Pays Cambodge
24%
Pays Cameroun
24%
Pays Canada
24%
Pays Chili
24%
Pays Colombie
24%
Pays Côte d'Ivoire
24%
Pays Cuba
24%
Pays Danemark
24%
Pays Égypte
24%
Pays Espagne
24%
Pays Estonie
24%
Pays États-Unis
24%
Pays Éthiopie
24%
Pays Gabon
24%
Pays Ghana
24%
Pays Irlande
24%
Pays Islande
24%
Pays Italie
24%
Pays Jamaïque
24%
Pays Japon
24%
Pays Laos
24%
Pays Liban
24%
Pays Madagascar
24%
Pays Mali
24%
Pays Maroc
24%
Pays Mexique
24%
Pays Monaco
24%
Pays Mongolie
24%
Pays Monténégro
24%
Pays Népal
24%
Pays Norvège
24%
Pays Pakistan
24%
Pays Panama
24%
Pays Pays-Bas
24%
Pays Philippines
24%
Pays Pologne
24%
Pays Portugal
24%
Pays République Démocratique du Congo
24%
Pays République du Congo
24%
Pays Royaume-Uni
24%
Pays Russie
24%
Pays Sénégal
24%
Pays Serbie
24%
Pays Seychelles
24%
Pays Somalie
24%
Pays Soudan
24%
Pays Suède
24%
Pays Tanzanie
24%
Pays Uruguay
24%
Pays Viêt Nam
24%
Pays Algérie
23%
Pays Allemagne
23%
Pays Arabie Saoudite
23%
Pays Argentine
23%
Pays Australie
23%
Pays Brésil
23%
Pays Cameroun
23%
Pays Canada
23%
Pays Chine
23%
Pays Colombie
23%
Pays Espagne
23%
Pays Hongrie
23%
Pays Inde
23%
Pays Italie
23%
Pays Mexique
23%
Pays Russie
23%
Pays Sénégal
23%
Pays Afrique du Sud
22%
Pays Algérie
22%
Pays Allemagne
22%
Pays Arabie Saoudite
22%
Pays Canada
22%
Pays Danemark
22%
Pays Équateur
22%
Pays Inde
22%
Pays Indonésie
22%
Pays Irlande
22%
Pays Luxembourg
22%
Pays Mexique
22%
Pays Monaco
22%
Pays Norvège
22%
Pays Paraguay
22%
Pays Pays-Bas
22%
Pays Pologne
22%
Pays Roumanie
22%
Pays Royaume-Uni
22%
Pays Somalie
22%
Pays Tchad
22%
Pays Afrique du Sud
21%
Pays Algérie
21%
Pays Allemagne
21%
Pays Andorre
21%
Pays Arabie Saoudite
21%
Pays Argentine
21%
Pays Arménie
21%
Pays Australie
21%
Pays Azerbaïdjan
21%
Pays Belgique
21%
Pays Bénin
21%
Pays Biélorussie
21%
Pays Burundi
21%
Pays Cameroun
21%
Pays Canada
21%
Pays Chili
21%
Pays Colombie
21%
Pays Côte d'Ivoire
21%
Pays Espagne
21%
Pays Éthiopie
21%
Pays Finlande
21%
Pays Gabon
21%
Pays Guinée
21%
Pays Guinée Équatoriale
21%
Pays Hongrie
21%
Pays Inde
21%
Pays Irlande
21%
Pays Islande
21%
Pays Italie
21%
Pays Jamaïque
21%
Pays Japon
21%
Pays Kazakhstan
21%
Pays Kenya
21%
Pays Liban
21%
Pays Libye
21%
Pays Liechtenstein
21%
Pays Luxembourg
21%
Pays Madagascar
21%
Pays Mali
21%
Pays Maroc
21%
Pays Maurice
21%
Pays Mexique
21%
Pays Niger
21%
Pays Nigeria
21%
Pays Nouvelle-Zélande
21%
Pays Pakistan
21%
Pays Palaos
21%
Pays Panama
21%
Pays Papouasie-Nouvelle- Guinée
21%
Pays Pays-Bas
21%
Pays Portugal
21%
Pays République Démocratique du Congo
21%
Pays République du Congo
21%
Pays République Tchèque
21%
Pays Royaume-Uni
21%
Pays Sénégal
21%
Pays Seychelles
21%
Pays Sierra Leone
21%
Pays Somalie
21%
Pays Soudan
21%
Pays Suède
21%
Pays Tchad
21%
Pays Thaïlande
21%
Pays Ukraine
21%
Pays Uruguay
21%
Pays Vatican
21%
Pays Venezuela
21%
Pays Viêt Nam
21%
Pays Afrique du Sud
20%
Pays Algérie
20%
Pays Allemagne
20%
Pays Arabie Saoudite
20%
Pays Australie
20%
Pays Belize
20%
Pays Bhoutan
20%
Pays Bolivie
20%
Pays Bosnie-Herzégovine
20%
Pays Burkina Faso
20%
Pays Cambodge
20%
Pays Canada
20%
Pays Colombie
20%
Pays Corée du Nord
20%
Pays Corée du Sud
20%
Pays Costa Rica
20%
Pays Côte d'Ivoire
20%
Pays Croatie
20%
Pays Danemark
20%
Pays Espagne
20%
Pays Estonie
20%
Pays États-Unis
20%
Pays Éthiopie
20%
Pays Ghana
20%
Pays Haïti
20%
Pays Hongrie
20%
Pays Inde
20%
Pays Indonésie
20%
Pays Irak
20%
Pays Iran
20%
Pays Irlande
20%
Pays Italie
20%
Pays Liechtenstein
20%
Pays Luxembourg
20%
Pays Madagascar
20%
Pays Malaisie
20%
Pays Maroc
20%
Pays Maurice
20%
Pays Mexique
20%
Pays Mongolie
20%
Pays Népal
20%
Pays Nicaragua
20%
Pays Niger
20%
Pays Nigeria
20%
Pays Norvège
20%
Pays Ouganda
20%
Pays Palaos
20%
Pays Paraguay
20%
Pays Portugal
20%
Pays République Centrafricaine
20%
Pays République Démocratique du Congo
20%
Pays République Dominicaine
20%
Pays République du Congo
20%
Pays Royaume-Uni
20%
Pays Saint-Marin
20%
Pays Sénégal
20%
Pays Serbie
20%
Pays Suède
20%
Pays Suisse
20%
Pays Turquie
20%
Pays Ukraine
20%
Pays Albanie
19%
Pays Algérie
19%
Pays Allemagne
19%
Pays Arabie Saoudite
19%
Pays Argentine
19%
Pays Arménie
19%
Pays Australie
19%
Pays Bangladesh
19%
Pays Barbade
19%
Pays Belize
19%
Pays Canada
19%
Pays Cap-Vert
19%
Pays Chili
19%
Pays Chine
19%
Pays Colombie
19%
Pays Corée du Sud
19%
Pays Costa Rica
19%
Pays Croatie
19%
Pays Cuba
19%
Pays Dominique
19%
Pays Égypte
19%
Pays Émirats Arabes Unis
19%
Pays Espagne
19%
Pays États-Unis
19%
Pays Gabon
19%
Pays Guinée
19%
Pays Guinée Équatoriale
19%
Pays Honduras
19%
Pays Inde
19%
Pays Irak
19%
Pays Iran
19%
Pays Irlande
19%
Pays Italie
19%
Pays Jamaïque
19%
Pays Japon
19%
Pays Kazakhstan
19%
Pays Kenya
19%
Pays Kosovo
19%
Pays Lesotho
19%
Pays Liberia
19%
Pays Libye
19%
Pays Luxembourg
19%
Pays Madagascar
19%
Pays Malaisie
19%
Pays Maroc
19%
Pays Maurice
19%
Pays Mexique
19%
Pays Monaco
19%
Pays Namibie
19%
Pays Niger
19%
Pays Nigeria
19%
Pays Norvège
19%
Pays Nouvelle-Zélande
19%
Pays Panama
19%
Pays Pays-Bas
19%
Pays Pérou
19%
Pays Pologne
19%
Pays République Démocratique du Congo
19%
Pays République du Congo
19%
Pays République Tchèque
19%
Pays Roumanie
19%
Pays Royaume-Uni
19%
Pays Salvador
19%
Pays Sao Tomé-et-Principe
19%
Pays Sénégal
19%
Pays Serbie
19%
Pays Seychelles
19%
Pays Sierra Leone
19%
Pays Somalie
19%
Pays Sri Lanka
19%
Pays Suède
19%
Pays Tchad
19%
Pays Thaïlande
19%
Pays Togo
19%
Pays Tonga
19%
Pays Tunisie
19%
Pays Ukraine
19%
Pays Vatican
19%
Pays Venezuela
19%
Pays Viêt Nam
19%
Pays | Pays Afghanistan
18%
Pays Afrique du Sud
18%
Pays Albanie
18%
Pays Algérie
18%
Pays Allemagne
18%
Pays Andorre
18%
Pays Angola
18%
Pays Antigua-et-Barbuda
18%
Pays Arabie Saoudite
18%
Pays Argentine
18%
Pays Arménie
18%
Pays Australie
18%
Pays Autriche
18%
Pays Azerbaïdjan
18%
Pays Bahamas
18%
Pays Bahreïn
18%
Pays Bangladesh
18%
Pays Barbade
18%
Pays Belgique
18%
Pays Belize
18%
Pays Bénin
18%
Pays Bhoutan
18%
Pays Biélorussie
18%
Pays Birmanie
18%
Pays Bolivie
18%
Pays Bosnie-Herzégovine
18%
Pays Botswana
18%
Pays Brunei
18%
Pays Bulgarie
18%
Pays Burkina Faso
18%
Pays Burundi
18%
Pays Cambodge
18%
Pays Cameroun
18%
Pays Canada
18%
Pays Cap-Vert
18%
Pays Chili
18%
Pays Chine
18%
Pays Chypre
18%
Pays Colombie
18%
Pays Comores
18%
Pays Corée du Nord
18%
Pays Corée du Sud
18%
Pays Costa Rica
18%
Pays Côte d'Ivoire
18%
Pays Croatie
18%
Pays Danemark
18%
Pays Djibouti
18%
Pays Dominique
18%
Pays Égypte
18%
Pays Émirats Arabes Unis
18%
Pays Équateur
18%
Pays Érythrée
18%
Pays Espagne
18%
Pays Estonie
18%
Pays Eswatini
18%
Pays États Fédérés de Micronésie
18%
Pays Éthiopie
18%
Pays Fidji
18%
Pays Finlande
18%
Pays Gabon
18%
Pays Gambie
18%
Pays Géorgie
18%
Pays Ghana
18%
Pays Grèce
18%
Pays Grenade
18%
Pays Guatemala
18%
Pays Guinée
18%
Pays Guinée-Bissau
18%
Pays Guinée Équatoriale
18%
Pays Guyana
18%
Pays Haïti
18%
Pays Honduras
18%
Pays Hongrie
18%
Pays Îles Marshall
18%
Pays Îles Salomon
18%
Pays Inde
18%
Pays Indonésie
18%
Pays Irak
18%
Pays Iran
18%
Pays Irlande
18%
Pays Islande
18%
Pays Israël
18%
Pays Italie
18%
Pays Jamaïque
18%
Pays Japon
18%
Pays Jordanie
18%
Pays Kazakhstan
18%
Pays Kenya
18%
Pays Kirghizistan
18%
Pays Kiribati
18%
Pays Kosovo
18%
Pays Koweït
18%
Pays Laos
18%
Pays Lesotho
18%
Pays Lettonie
18%
Pays Liban
18%
Pays Liberia
18%
Pays Libye
18%
Pays Liechtenstein
18%
Pays Lituanie
18%
Pays Luxembourg
18%
Pays Macédoine du Nord
18%
Pays Madagascar
18%
Pays Malaisie
18%
Pays Malawi
18%
Pays Maldives
18%
Pays Mali
18%
Pays Malte
18%
Pays Maroc
18%
Pays Maurice
18%
Pays Mauritanie
18%
Pays Mexique
18%
Pays Mongolie
18%
Pays Monténégro
18%
Pays Mozambique
18%
Pays Namibie
18%
Pays Nauru
18%
Pays Népal
18%
Pays Nicaragua
18%
Pays Niger
18%
Pays Nigeria
18%
Pays Norvège
18%
Pays Nouvelle-Zélande
18%
Pays Oman
18%
Pays Ouganda
18%
Pays Ouzbékistan
18%
Pays Pakistan
18%
Pays Palaos
18%
Pays Panama
18%
Pays Papouasie-Nouvelle- Guinée
18%
Pays Paraguay
18%
Pays Pays-Bas
18%
Pays Pérou
18%
Pays Philippines
18%
Pays Pologne
18%
Pays Portugal
18%
Pays Qatar
18%
Pays République Centrafricaine
18%
Pays République Démocratique du Congo
18%
Pays République Dominicaine
18%
Pays République du Congo
18%
Pays République Tchèque
18%
Pays Roumanie
18%
Pays Royaume-Uni
18%
Pays Russie
18%
Pays Rwanda
18%
Pays Saint-Christophe- et-Niévès
18%
Pays Sainte-Lucie
18%
Pays Saint-Marin
18%
Pays Saint-Vincent-et-les- Grenadines
18%
Pays Salvador
18%
Pays Samoa
18%
Pays Sao Tomé-et-Principe
18%
Pays Sénégal
18%
Pays Seychelles
18%
Pays Sierra Leone
18%
Pays Singapour
18%
Pays Slovaquie
18%
Pays Slovénie
18%
Pays Somalie
18%
Pays Soudan
18%
Pays Soudan du Sud
18%
Pays Sri Lanka
18%
Pays Suède
18%
Pays Suisse
18%
Pays Suriname
18%
Pays Syrie
18%
Pays Tadjikistan
18%
Pays Taïwan
18%
Pays Tanzanie
18%
Pays Tchad
18%
Pays Thaïlande
18%
Pays Timor Oriental
18%
Pays Togo
18%
Pays Tonga
18%
Pays Trinité-et-Tobago
18%
Pays Tunisie
18%
Pays Turkménistan
18%
Pays Turquie
18%
Pays Tuvalu
18%
Pays Ukraine
18%
Pays Uruguay
18%
Pays Vanuatu
18%
Pays Vatican
18%
Pays Venezuela
18%
Pays Viêt Nam
18%
Pays Yémen
18%
Pays Zambie
18%
Pays Zimbabwe
18%
Pays Afrique du Sud
17%
Pays Algérie
17%
Pays Allemagne
17%
Pays Angola
17%
Pays Australie
17%
Pays Autriche
17%
Pays Belgique
17%
Pays Belize
17%
Pays Bolivie
17%
Pays Bulgarie
17%
Pays Colombie
17%
Pays Corée du Nord
17%
Pays Corée du Sud
17%
Pays Eswatini
17%
Pays Éthiopie
17%
Pays Finlande
17%
Pays Gabon
17%
Pays Grèce
17%
Pays Inde
17%
Pays Indonésie
17%
Pays Irak
17%
Pays Iran
17%
Pays Irlande
17%
Pays Islande
17%
Pays Italie
17%
Pays Jamaïque
17%
Pays Japon
17%
Pays Kenya
17%
Pays Kosovo
17%
Pays Laos
17%
Pays Lesotho
17%
Pays Libye
17%
Pays Lituanie
17%
Pays Madagascar
17%
Pays Malaisie
17%
Pays Mali
17%
Pays Maroc
17%
Pays Maurice
17%
Pays Mauritanie
17%
Pays Mexique
17%
Pays Mongolie
17%
Pays Monténégro
17%
Pays Mozambique
17%
Pays Népal
17%
Pays Nicaragua
17%
Pays Nigeria
17%
Pays Nouvelle-Zélande
17%
Pays Oman
17%
Pays Panama
17%
Pays Papouasie-Nouvelle- Guinée
17%
Pays Pays-Bas
17%
Pays Pérou
17%
Pays Pologne
17%
Pays République Centrafricaine
17%
Pays Roumanie
17%
Pays Russie
17%
Pays Sénégal
17%
Pays Seychelles
17%
Pays Suède
17%
Pays Suisse
17%
Pays Suriname
17%
Pays Syrie
17%
Pays Tadjikistan
17%
Pays Tchad
17%
Pays Togo
17%
Pays Tunisie
17%
Pays Turquie
17%
Pays Uruguay
17%
Pays Venezuela
17%
Pays Yémen
17%
Pays Zambie
17%
Pays Zimbabwe
17%
Pays | Pays Afghanistan
16%
Pays Albanie
16%
Pays Andorre
16%
Pays Angola
16%
Pays Antigua-et-Barbuda
16%
Pays Arabie Saoudite
16%
Pays Argentine
16%
Pays Arménie
16%
Pays Autriche
16%
Pays Azerbaïdjan
16%
Pays Bahamas
16%
Pays Bahreïn
16%
Pays Bangladesh
16%
Pays Barbade
16%
Pays Belize
16%
Pays Bénin
16%
Pays Bhoutan
16%
Pays Biélorussie
16%
Pays Birmanie
16%
Pays Bolivie
16%
Pays Bosnie-Herzégovine
16%
Pays Botswana
16%
Pays Brunei
16%
Pays Bulgarie
16%
Pays Burkina Faso
16%
Pays Burundi
16%
Pays Cambodge
16%
Pays Cameroun
16%
Pays Cap-Vert
16%
Pays Chypre
16%
Pays Colombie
16%
Pays Comores
16%
Pays Corée du Nord
16%
Pays Corée du Sud
16%
Pays Costa Rica
16%
Pays Côte d'Ivoire
16%
Pays Croatie
16%
Pays Cuba
16%
Pays Danemark
16%
Pays Djibouti
16%
Pays Dominique
16%
Pays Égypte
16%
Pays Émirats Arabes Unis
16%
Pays Équateur
16%
Pays Érythrée
16%
Pays Estonie
16%
Pays Eswatini
16%
Pays États Fédérés de Micronésie
16%
Pays Éthiopie
16%
Pays Fidji
16%
Pays Finlande
16%
Pays Gabon
16%
Pays Gambie
16%
Pays Géorgie
16%
Pays Ghana
16%
Pays Grèce
16%
Pays Grenade
16%
Pays Guatemala
16%
Pays Guinée
16%
Pays Guinée-Bissau
16%
Pays Guinée Équatoriale
16%
Pays Guyana
16%
Pays Haïti
16%
Pays Honduras
16%
Pays Îles Marshall
16%
Pays Îles Salomon
16%
Pays Inde
16%
Pays Indonésie
16%
Pays Irak
16%
Pays Iran
16%
Pays Israël
16%
Pays Jamaïque
16%
Pays Jordanie
16%
Pays Kenya
16%
Pays Kirghizistan
16%
Pays Kiribati
16%
Pays Kosovo
16%
Pays Koweït
16%
Pays Laos
16%
Pays Lesotho
16%
Pays Lettonie
16%
Pays Liban
16%
Pays Liberia
16%
Pays Libye
16%
Pays Liechtenstein
16%
Pays Lituanie
16%
Pays Luxembourg
16%
Pays Macédoine du Nord
16%
Pays Madagascar
16%
Pays Malaisie
16%
Pays Malawi
16%
Pays Maldives
16%
Pays Mali
16%
Pays Malte
16%
Pays Maurice
16%
Pays Mauritanie
16%
Pays Mexique
16%
Pays Moldavie
16%
Pays Monaco
16%
Pays Mongolie
16%
Pays Monténégro
16%
Pays Mozambique
16%
Pays Namibie
16%
Pays Nauru
16%
Pays Népal
16%
Pays Nicaragua
16%
Pays Nigeria
16%
Pays Norvège
16%
Pays Nouvelle-Zélande
16%
Pays Oman
16%
Pays Ouganda
16%
Pays Ouzbékistan
16%
Pays Pakistan
16%
Pays Palaos
16%
Pays Panama
16%
Pays Papouasie-Nouvelle- Guinée
16%
Pays Paraguay
16%
Pays Pays-Bas
16%
Pays Pérou
16%
Pays Philippines
16%
Pays Pologne
16%
Pays Portugal
16%
Pays Qatar
16%
Pays République Centrafricaine
16%
Pays République Dominicaine
16%
Pays République Tchèque
16%
Pays Royaume-Uni
16%
Pays Rwanda
16%
Pays Saint-Christophe- et-Niévès
16%
Pays Sainte-Lucie
16%
Pays Saint-Marin
16%
Pays Saint-Vincent-et-les- Grenadines
16%
Pays Salvador
16%
Pays Samoa
16%
Pays Sao Tomé-et-Principe
16%
Pays Serbie
16%
Pays Seychelles
16%
Pays Sierra Leone
16%
Pays Singapour
16%
Pays Slovaquie
16%
Pays Slovénie
16%
Pays Somalie
16%
Pays Soudan
16%
Pays Soudan du Sud
16%
Pays Sri Lanka
16%
Pays Suisse
16%
Pays Suriname
16%
Pays Syrie
16%
Pays Tadjikistan
16%
Pays Taïwan
16%
Pays Tanzanie
16%
Pays Tchad
16%
Pays Thaïlande
16%
Pays Timor Oriental
16%
Pays Togo
16%
Pays Tonga
16%
Pays Trinité-et-Tobago
16%
Pays Tunisie
16%
Pays Turkménistan
16%
Pays Turquie
16%
Pays Tuvalu
16%
Pays Ukraine
16%
Pays Uruguay
16%
Pays Vanuatu
16%
Pays Vatican
16%
Pays Venezuela
16%
Pays Yémen
16%
Pays Zambie
16%
Pays Zimbabwe
16%
Pays Afghanistan
15%
Pays Afrique du Sud
15%
Pays Albanie
15%
Pays Algérie
15%
Pays Allemagne
15%
Pays Andorre
15%
Pays Angola
15%
Pays Antigua-et-Barbuda
15%
Pays Arabie Saoudite
15%
Pays Argentine
15%
Pays Arménie
15%
Pays Autriche
15%
Pays Azerbaïdjan
15%
Pays Bahamas
15%
Pays Bahreïn
15%
Pays Bangladesh
15%
Pays Barbade
15%
Pays Belgique
15%
Pays Bénin
15%
Pays Bhoutan
15%
Pays Biélorussie
15%
Pays Birmanie
15%
Pays Botswana
15%
Pays Brunei
15%
Pays Bulgarie
15%
Pays Burundi
15%
Pays Cambodge
15%
Pays Cameroun
15%
Pays Canada
15%
Pays Cap-Vert
15%
Pays Chili
15%
Pays Chypre
15%
Pays Comores
15%
Pays Corée du Nord
15%
Pays Côte d'Ivoire
15%
Pays Croatie
15%
Pays Danemark
15%
Pays Djibouti
15%
Pays Dominique
15%
Pays Égypte
15%
Pays Émirats Arabes Unis
15%
Pays Équateur
15%
Pays Érythrée
15%
Pays Espagne
15%
Pays Estonie
15%
Pays Eswatini
15%
Pays États Fédérés de Micronésie
15%
Pays Fidji
15%
Pays Finlande
15%
Pays Gabon
15%
Pays Gambie
15%
Pays Géorgie
15%
Pays Ghana
15%
Pays Grenade
15%
Pays Guatemala
15%
Pays Guinée
15%
Pays Guinée-Bissau
15%
Pays Guinée Équatoriale
15%
Pays Guyana
15%
Pays Honduras
15%
Pays Hongrie
15%
Pays Îles Marshall
15%
Pays Îles Salomon
15%
Pays Inde
15%
Pays Indonésie
15%
Pays Irak
15%
Pays Iran
15%
Pays Irlande
15%
Pays Israël
15%
Pays Jamaïque
15%
Pays Japon
15%
Pays Jordanie
15%
Pays Kazakhstan
15%
Pays Kenya
15%
Pays Kirghizistan
15%
Pays Kiribati
15%
Pays Koweït
15%
Pays Laos
15%
Pays Lesotho
15%
Pays Lettonie
15%
Pays Liban
15%
Pays Liberia
15%
Pays Libye
15%
Pays Lituanie
15%
Pays Luxembourg
15%
Pays Macédoine du Nord
15%
Pays Madagascar
15%
Pays Malawi
15%
Pays Maldives
15%
Pays Mali
15%
Pays Malte
15%
Pays Maroc
15%
Pays Mauritanie
15%
Pays Mexique
15%
Pays Moldavie
15%
Pays Monaco
15%
Pays Monténégro
15%
Pays Mozambique
15%
Pays Namibie
15%
Pays Nauru
15%
Pays Niger
15%
Pays Nigeria
15%
Pays Norvège
15%
Pays Oman
15%
Pays Ouzbékistan
15%
Pays Pakistan
15%
Pays Palaos
15%
Pays Panama
15%
Pays Papouasie-Nouvelle- Guinée
15%
Pays Pays-Bas
15%
Pays Pérou
15%
Pays Philippines
15%
Pays Pologne
15%
Pays Portugal
15%
Pays Qatar
15%
Pays République Démocratique du Congo
15%
Pays République Dominicaine
15%
Pays République du Congo
15%
Pays République Tchèque
15%
Pays Roumanie
15%
Pays Royaume-Uni
15%
Pays Rwanda
15%
Pays Saint-Christophe- et-Niévès
15%
Pays Sainte-Lucie
15%
Pays Saint-Vincent-et-les- Grenadines
15%
Pays Salvador
15%
Pays Samoa
15%
Pays Sao Tomé-et-Principe
15%
Pays Sénégal
15%
Pays Seychelles
15%
Pays Sierra Leone
15%
Pays Singapour
15%
Pays Somalie
15%
Pays Soudan
15%
Pays Soudan du Sud
15%
Pays Sri Lanka
15%
Pays Suède
15%
Pays Suisse
15%
Pays Suriname
15%
Pays Syrie
15%
Pays Tadjikistan
15%
Pays Taïwan
15%
Pays Tanzanie
15%
Pays Tchad
15%
Pays Thaïlande
15%
Pays Timor Oriental
15%
Pays Togo
15%
Pays Tonga
15%
Pays Trinité-et-Tobago
15%
Pays Tunisie
15%
Pays Turkménistan
15%
Pays Tuvalu
15%
Pays Ukraine
15%
Pays Uruguay
15%
Pays Vanuatu
15%
Pays Vatican
15%
Pays Venezuela
15%
Pays Viêt Nam
15%
Pays Yémen
15%
Pays Zambie
15%
Pays Zimbabwe
15%
Pays Afghanistan
14%
Pays Afrique du Sud
14%
Pays Algérie
14%
Pays Allemagne
14%
Pays Andorre
14%
Pays Angola
14%
Pays Antigua-et-Barbuda
14%
Pays Arabie Saoudite
14%
Pays Autriche
14%
Pays Azerbaïdjan
14%
Pays Bahamas
14%
Pays Bahreïn
14%
Pays Bangladesh
14%
Pays Belize
14%
Pays Bénin
14%
Pays Bhoutan
14%
Pays Biélorussie
14%
Pays Birmanie
14%
Pays Bolivie
14%
Pays Bosnie-Herzégovine
14%
Pays Botswana
14%
Pays Brunei
14%
Pays Bulgarie
14%
Pays Burkina Faso
14%
Pays Burundi
14%
Pays Cambodge
14%
Pays Cameroun
14%
Pays Cap-Vert
14%
Pays Chypre
14%
Pays Colombie
14%
Pays Comores
14%
Pays Corée du Nord
14%
Pays Corée du Sud
14%
Pays Côte d'Ivoire
14%
Pays Djibouti
14%
Pays Dominique
14%
Pays Égypte
14%
Pays Émirats Arabes Unis
14%
Pays Équateur
14%
Pays Érythrée
14%
Pays Estonie
14%
Pays Eswatini
14%
Pays États Fédérés de Micronésie
14%
Pays Éthiopie
14%
Pays Fidji
14%
Pays Finlande
14%
Pays Gabon
14%
Pays Gambie
14%
Pays Géorgie
14%
Pays Ghana
14%
Pays Grèce
14%
Pays Grenade
14%
Pays Guatemala
14%
Pays Guinée
14%
Pays Guinée-Bissau
14%
Pays Guinée Équatoriale
14%
Pays Guyana
14%
Pays Haïti
14%
Pays Honduras
14%
Pays Hongrie
14%
Pays Îles Marshall
14%
Pays Îles Salomon
14%
Pays Indonésie
14%
Pays Irak
14%
Pays Iran
14%
Pays Irlande
14%
Pays Israël
14%
Pays Jamaïque
14%
Pays Japon
14%
Pays Jordanie
14%
Pays Kenya
14%
Pays Kirghizistan
14%
Pays Kiribati
14%
Pays Koweït
14%
Pays Laos
14%
Pays Lettonie
14%
Pays Liban
14%
Pays Liberia
14%
Pays Liechtenstein
14%
Pays Lituanie
14%
Pays Luxembourg
14%
Pays Macédoine du Nord
14%
Pays Madagascar
14%
Pays Malawi
14%
Pays Maldives
14%
Pays Malte
14%
Pays Mauritanie
14%
Pays Mexique
14%
Pays Moldavie
14%
Pays Mongolie
14%
Pays Monténégro
14%
Pays Mozambique
14%
Pays Namibie
14%
Pays Nauru
14%
Pays Népal
14%
Pays Nicaragua
14%
Pays Niger
14%
Pays Nigeria
14%
Pays Nouvelle-Zélande
14%
Pays Oman
14%
Pays Ouganda
14%
Pays Ouzbékistan
14%
Pays Pakistan
14%
Pays Palaos
14%
Pays Panama
14%
Pays Papouasie-Nouvelle- Guinée
14%
Pays Paraguay
14%
Pays Pays-Bas
14%
Pays Philippines
14%
Pays Qatar
14%
Pays République Centrafricaine
14%
Pays République Dominicaine
14%
Pays République Tchèque
14%
Pays Roumanie
14%
Pays Royaume-Uni
14%
Pays Rwanda
14%
Pays Saint-Christophe- et-Niévès
14%
Pays Sainte-Lucie
14%
Pays Saint-Marin
14%
Pays Saint-Vincent-et-les- Grenadines
14%
Pays Salvador
14%
Pays Samoa
14%
Pays Sénégal
14%
Pays Seychelles
14%
Pays Sierra Leone
14%
Pays Singapour
14%
Pays Slovaquie
14%
Pays Slovénie
14%
Pays Soudan
14%
Pays Soudan du Sud
14%
Pays Suisse
14%
Pays Suriname
14%
Pays Syrie
14%
Pays Tadjikistan
14%
Pays Taïwan
14%
Pays Tanzanie
14%
Pays Tchad
14%
Pays Timor Oriental
14%
Pays Togo
14%
Pays Tonga
14%
Pays Trinité-et-Tobago
14%
Pays Turkménistan
14%
Pays Turquie
14%
Pays Tuvalu
14%
Pays Ukraine
14%
Pays Uruguay
14%
Pays Vanuatu
14%
Pays Viêt Nam
14%
Pays Yémen
14%
Pays Zambie
14%
Pays Zimbabwe
14%
Pays Afghanistan
13%
Pays Afrique du Sud
13%
Pays Albanie
13%
Pays Algérie
13%
Pays Allemagne
13%
Pays Andorre
13%
Pays Angola
13%
Pays Antigua-et-Barbuda
13%
Pays Arabie Saoudite
13%
Pays Argentine
13%
Pays Arménie
13%
Pays Autriche
13%
Pays Azerbaïdjan
13%
Pays Bahamas
13%
Pays Bahreïn
13%
Pays Barbade
13%
Pays Belgique
13%
Pays Belize
13%
Pays Bénin
13%
Pays Bhoutan
13%
Pays Biélorussie
13%
Pays Birmanie
13%
Pays Bolivie
13%
Pays Bosnie-Herzégovine
13%
Pays Botswana
13%
Pays Brésil
13%
Pays Brunei
13%
Pays Bulgarie
13%
Pays Burkina Faso
13%
Pays Burundi
13%
Pays Cambodge
13%
Pays Cameroun
13%
Pays Canada
13%
Pays Chili
13%
Pays Chine
13%
Pays Chypre
13%
Pays Colombie
13%
Pays Comores
13%
Pays Corée du Nord
13%
Pays Corée du Sud
13%
Pays Costa Rica
13%
Pays Côte d'Ivoire
13%
Pays Cuba
13%
Pays Danemark
13%
Pays Djibouti
13%
Pays Égypte
13%
Pays Émirats Arabes Unis
13%
Pays Équateur
13%
Pays Érythrée
13%
Pays Espagne
13%
Pays Estonie
13%
Pays Eswatini
13%
Pays États Fédérés de Micronésie
13%
Pays Éthiopie
13%
Pays Fidji
13%
Pays Finlande
13%
Pays Gabon
13%
Pays Gambie
13%
Pays Géorgie
13%
Pays Ghana
13%
Pays Grèce
13%
Pays Grenade
13%
Pays Guatemala
13%
Pays Guinée-Bissau
13%
Pays Guyana
13%
Pays Haïti
13%
Pays Honduras
13%
Pays Hongrie
13%
Pays Îles Marshall
13%
Pays Îles Salomon
13%
Pays Inde
13%
Pays Indonésie
13%
Pays Irak
13%
Pays Iran
13%
Pays Irlande
13%
Pays Islande
13%
Pays Israël
13%
Pays Jamaïque
13%
Pays Japon
13%
Pays Jordanie
13%
Pays Kazakhstan
13%
Pays Kirghizistan
13%
Pays Kiribati
13%
Pays Kosovo
13%
Pays Koweït
13%
Pays Laos
13%
Pays Lesotho
13%
Pays Lettonie
13%
Pays Liban
13%
Pays Libye
13%
Pays Liechtenstein
13%
Pays Lituanie
13%
Pays Luxembourg
13%
Pays Macédoine du Nord
13%
Pays Madagascar
13%
Pays Malaisie
13%
Pays Malawi
13%
Pays Maldives
13%
Pays Mali
13%
Pays Malte
13%
Pays Maroc
13%
Pays Mauritanie
13%
Pays Mexique
13%
Pays Moldavie
13%
Pays Monaco
13%
Pays Mongolie
13%
Pays Monténégro
13%
Pays Mozambique
13%
Pays Namibie
13%
Pays Nauru
13%
Pays Népal
13%
Pays Nicaragua
13%
Pays Niger
13%
Pays Nigeria
13%
Pays Norvège
13%
Pays Nouvelle-Zélande
13%
Pays Oman
13%
Pays Ouganda
13%
Pays Ouzbékistan
13%
Pays Pakistan
13%
Pays Palaos
13%
Pays Panama
13%
Pays Papouasie-Nouvelle- Guinée
13%
Pays Paraguay
13%
Pays Pays-Bas
13%
Pays Pérou
13%
Pays Philippines
13%
Pays Pologne
13%
Pays Portugal
13%
Pays Qatar
13%
Pays République Centrafricaine
13%
Pays République Démocratique du Congo
13%
Pays République du Congo
13%
Pays République Tchèque
13%
Pays Roumanie
13%
Pays Royaume-Uni
13%
Pays Rwanda
13%
Pays Saint-Christophe- et-Niévès
13%
Pays Sainte-Lucie
13%
Pays Saint-Marin
13%
Pays Saint-Vincent-et-les- Grenadines
13%
Pays Salvador
13%
Pays Samoa
13%
Pays Sao Tomé-et-Principe
13%
Pays Sénégal
13%
Pays Serbie
13%
Pays Seychelles
13%
Pays Singapour
13%
Pays Slovaquie
13%
Pays Slovénie
13%
Pays Somalie
13%
Pays Soudan
13%
Pays Soudan du Sud
13%
Pays Sri Lanka
13%
Pays Suède
13%
Pays Suisse
13%
Pays Suriname
13%
Pays Syrie
13%
Pays Tadjikistan
13%
Pays Taïwan
13%
Pays Tanzanie
13%
Pays Tchad
13%
Pays Thaïlande
13%
Pays Timor Oriental
13%
Pays Togo
13%
Pays Tonga
13%
Pays Trinité-et-Tobago
13%
Pays Tunisie
13%
Pays Turkménistan
13%
Pays Turquie
13%
Pays Tuvalu
13%
Pays Ukraine
13%
Pays Uruguay
13%
Pays Vanuatu
13%
Pays Vatican
13%
Pays Venezuela
13%
Pays Viêt Nam
13%
Pays Yémen
13%
Pays Zambie
13%
Pays Zimbabwe
13%
Pays | Pays Afghanistan
12%
Pays Albanie
12%
Pays Algérie
12%
Pays Allemagne
12%
Pays Andorre
12%
Pays Angola
12%
Pays Arabie Saoudite
12%
Pays Argentine
12%
Pays Arménie
12%
Pays Australie
12%
Pays Autriche
12%
Pays Azerbaïdjan
12%
Pays Bahamas
12%
Pays Bahreïn
12%
Pays Bangladesh
12%
Pays Barbade
12%
Pays Belgique
12%
Pays Belize
12%
Pays Bhoutan
12%
Pays Biélorussie
12%
Pays Birmanie
12%
Pays Bosnie-Herzégovine
12%
Pays Botswana
12%
Pays Brunei
12%
Pays Bulgarie
12%
Pays Burkina Faso
12%
Pays Burundi
12%
Pays Cambodge
12%
Pays Canada
12%
Pays Cap-Vert
12%
Pays Chili
12%
Pays Chypre
12%
Pays Comores
12%
Pays Costa Rica
12%
Pays Côte d'Ivoire
12%
Pays Croatie
12%
Pays Cuba
12%
Pays Danemark
12%
Pays Djibouti
12%
Pays Dominique
12%
Pays Égypte
12%
Pays Émirats Arabes Unis
12%
Pays Érythrée
12%
Pays Estonie
12%
Pays Eswatini
12%
Pays États Fédérés de Micronésie
12%
Pays Éthiopie
12%
Pays Fidji
12%
Pays Finlande
12%
Pays Gabon
12%
Pays Gambie
12%
Pays Géorgie
12%
Pays Ghana
12%
Pays Grèce
12%
Pays Guinée
12%
Pays Guinée-Bissau
12%
Pays Guinée Équatoriale
12%
Pays Guyana
12%
Pays Haïti
12%
Pays Hongrie
12%
Pays Îles Marshall
12%
Pays Îles Salomon
12%
Pays Inde
12%
Pays Irak
12%
Pays Iran
12%
Pays Irlande
12%
Pays Islande
12%
Pays Jamaïque
12%
Pays Japon
12%
Pays Jordanie
12%
Pays Kenya
12%
Pays Kiribati
12%
Pays Kosovo
12%
Pays Koweït
12%
Pays Laos
12%
Pays Lesotho
12%
Pays Lettonie
12%
Pays Liberia
12%
Pays Libye
12%
Pays Liechtenstein
12%
Pays Lituanie
12%
Pays Luxembourg
12%
Pays Macédoine du Nord
12%
Pays Madagascar
12%
Pays Malaisie
12%
Pays Malawi
12%
Pays Maldives
12%
Pays Mali
12%
Pays Malte
12%
Pays Maroc
12%
Pays Maurice
12%
Pays Mauritanie
12%
Pays Mexique
12%
Pays Moldavie
12%
Pays Monaco
12%
Pays Mongolie
12%
Pays Monténégro
12%
Pays Namibie
12%
Pays Nauru
12%
Pays Népal
12%
Pays Nicaragua
12%
Pays Niger
12%
Pays Nigeria
12%
Pays Norvège
12%
Pays Nouvelle-Zélande
12%
Pays Oman
12%
Pays Ouganda
12%
Pays Panama
12%
Pays Papouasie-Nouvelle- Guinée
12%
Pays Paraguay
12%
Pays Pays-Bas
12%
Pays Pérou
12%
Pays Philippines
12%
Pays Pologne
12%
Pays Portugal
12%
Pays Qatar
12%
Pays République Démocratique du Congo
12%
Pays République Dominicaine
12%
Pays République du Congo
12%
Pays République Tchèque
12%
Pays Roumanie
12%
Pays Royaume-Uni
12%
Pays Rwanda
12%
Pays Saint-Christophe- et-Niévès
12%
Pays Sainte-Lucie
12%
Pays Saint-Marin
12%
Pays Saint-Vincent-et-les- Grenadines
12%
Pays Salvador
12%
Pays Samoa
12%
Pays Sao Tomé-et-Principe
12%
Pays Sénégal
12%
Pays Serbie
12%
Pays Seychelles
12%
Pays Sierra Leone
12%
Pays Singapour
12%
Pays Slovaquie
12%
Pays Slovénie
12%
Pays Somalie
12%
Pays Soudan
12%
Pays Soudan du Sud
12%
Pays Sri Lanka
12%
Pays Suède
12%
Pays Suisse
12%
Pays Suriname
12%
Pays Tadjikistan
12%
Pays Taïwan
12%
Pays Tanzanie
12%
Pays Tchad
12%
Pays Thaïlande
12%
Pays Togo
12%
Pays Tonga
12%
Pays Trinité-et-Tobago
12%
Pays Tunisie
12%
Pays Turkménistan
12%
Pays Turquie
12%
Pays Tuvalu
12%
Pays Ukraine
12%
Pays Uruguay
12%
Pays Vanuatu
12%
Pays Venezuela
12%
Pays Yémen
12%
Pays Zambie
12%
Pays Zimbabwe
12%
Pays Afghanistan
11%
Pays Afrique du Sud
11%
Pays Albanie
11%
Pays Allemagne
11%
Pays Andorre
11%
Pays Angola
11%
Pays Antigua-et-Barbuda
11%
Pays Argentine
11%
Pays Arménie
11%
Pays Autriche
11%
Pays Azerbaïdjan
11%
Pays Bahamas
11%
Pays Bahreïn
11%
Pays Bangladesh
11%
Pays Barbade
11%
Pays Belgique
11%
Pays Bénin
11%
Pays Bhoutan
11%
Pays Biélorussie
11%
Pays Birmanie
11%
Pays Bolivie
11%
Pays Bosnie-Herzégovine
11%
Pays Botswana
11%
Pays Brunei
11%
Pays Bulgarie
11%
Pays Burkina Faso
11%
Pays Burundi
11%
Pays Cambodge
11%
Pays Cameroun
11%
Pays Canada
11%
Pays Cap-Vert
11%
Pays Chili
11%
Pays Chypre
11%
Pays Colombie
11%
Pays Comores
11%
Pays Corée du Nord
11%
Pays Corée du Sud
11%
Pays Costa Rica
11%
Pays Côte d'Ivoire
11%
Pays Croatie
11%
Pays Cuba
11%
Pays Djibouti
11%
Pays Dominique
11%
Pays Égypte
11%
Pays Émirats Arabes Unis
11%
Pays Érythrée
11%
Pays Espagne
11%
Pays Estonie
11%
Pays États Fédérés de Micronésie
11%
Pays Éthiopie
11%
Pays Fidji
11%
Pays Finlande
11%
Pays Gabon
11%
Pays Gambie
11%
Pays Géorgie
11%
Pays Ghana
11%
Pays Grenade
11%
Pays Guatemala
11%
Pays Guinée
11%
Pays Guinée-Bissau
11%
Pays Guinée Équatoriale
11%
Pays Guyana
11%
Pays Haïti
11%
Pays Honduras
11%
Pays Hongrie
11%
Pays Îles Marshall
11%
Pays Îles Salomon
11%
Pays Israël
11%
Pays Jamaïque
11%
Pays Jordanie
11%
Pays Kazakhstan
11%
Pays Kirghizistan
11%
Pays Kiribati
11%
Pays Kosovo
11%
Pays Koweït
11%
Pays Lesotho
11%
Pays Lettonie
11%
Pays Liban
11%
Pays Liberia
11%
Pays Libye
11%
Pays Liechtenstein
11%
Pays Lituanie
11%
Pays Luxembourg
11%
Pays Macédoine du Nord
11%
Pays Malawi
11%
Pays Maldives
11%
Pays Mali
11%
Pays Malte
11%
Pays Maroc
11%
Pays Maurice
11%
Pays Mauritanie
11%
Pays Moldavie
11%
Pays Monténégro
11%
Pays Mozambique
11%
Pays Namibie
11%
Pays Nauru
11%
Pays Népal
11%
Pays Nicaragua
11%
Pays Niger
11%
Pays Nigeria
11%
Pays Norvège
11%
Pays Oman
11%
Pays Ouganda
11%
Pays Ouzbékistan
11%
Pays Pakistan
11%
Pays Palaos
11%
Pays Paraguay
11%
Pays Pays-Bas
11%
Pays Philippines
11%
Pays Portugal
11%
Pays Qatar
11%
Pays République Centrafricaine
11%
Pays République Démocratique du Congo
11%
Pays République Dominicaine
11%
Pays République du Congo
11%
Pays République Tchèque
11%
Pays Roumanie
11%
Pays Rwanda
11%
Pays Saint-Christophe- et-Niévès
11%
Pays Sainte-Lucie
11%
Pays Saint-Marin
11%
Pays Saint-Vincent-et-les- Grenadines
11%
Pays Salvador
11%
Pays Samoa
11%
Pays Sao Tomé-et-Principe
11%
Pays Sénégal
11%
Pays Serbie
11%
Pays Seychelles
11%
Pays Sierra Leone
11%
Pays Singapour
11%
Pays Slovaquie
11%
Pays Slovénie
11%
Pays Soudan
11%
Pays Soudan du Sud
11%
Pays Sri Lanka
11%
Pays Suède
11%
Pays Suisse
11%
Pays Suriname
11%
Pays Tadjikistan
11%
Pays Taïwan
11%
Pays Tanzanie
11%
Pays Tchad
11%
Pays Thaïlande
11%
Pays Timor Oriental
11%
Pays Togo
11%
Pays Tonga
11%
Pays Trinité-et-Tobago
11%
Pays Turkménistan
11%
Pays Turquie
11%
Pays Tuvalu
11%
Pays Ukraine
11%
Pays Uruguay
11%
Pays Vanuatu
11%
Pays Vatican
11%
Pays Venezuela
11%
Pays Viêt Nam
11%
Pays Yémen
11%
Pays Afghanistan
10%
Pays Albanie
10%
Pays Algérie
10%
Pays Allemagne
10%
Pays Andorre
10%
Pays Angola
10%
Pays Antigua-et-Barbuda
10%
Pays Arabie Saoudite
10%
Pays Argentine
10%
Pays Arménie
10%
Pays Australie
10%
Pays Azerbaïdjan
10%
Pays Bahamas
10%
Pays Bahreïn
10%
Pays Bangladesh
10%
Pays Barbade
10%
Pays Belgique
10%
Pays Belize
10%
Pays Bénin
10%
Pays Bhoutan
10%
Pays Biélorussie
10%
Pays Birmanie
10%
Pays Bolivie
10%
Pays Bosnie-Herzégovine
10%
Pays Botswana
10%
Pays Brunei
10%
Pays Bulgarie
10%
Pays Burkina Faso
10%
Pays Burundi
10%
Pays Cameroun
10%
Pays Canada
10%
Pays Cap-Vert
10%
Pays Chili
10%
Pays Chypre
10%
Pays Colombie
10%
Pays Comores
10%
Pays Corée du Sud
10%
Pays Danemark
10%
Pays Djibouti
10%
Pays Dominique
10%
Pays Égypte
10%
Pays Émirats Arabes Unis
10%
Pays Équateur
10%
Pays Érythrée
10%
Pays Estonie
10%
Pays Eswatini
10%
Pays Éthiopie
10%
Pays Finlande
10%
Pays Gabon
10%
Pays Gambie
10%
Pays Géorgie
10%
Pays Ghana
10%
Pays Grèce
10%
Pays Grenade
10%
Pays Guatemala
10%
Pays Guinée
10%
Pays Guinée-Bissau
10%
Pays Guinée Équatoriale
10%
Pays Guyana
10%
Pays Haïti
10%
Pays Honduras
10%
Pays Hongrie
10%
Pays Îles Marshall
10%
Pays Îles Salomon
10%
Pays Indonésie
10%
Pays Irak
10%
Pays Iran
10%
Pays Irlande
10%
Pays Islande
10%
Pays Israël
10%
Pays Jamaïque
10%
Pays Japon
10%
Pays Jordanie
10%
Pays Kazakhstan
10%
Pays Kenya
10%
Pays Kirghizistan
10%
Pays Kiribati
10%
Pays Kosovo
10%
Pays Koweït
10%
Pays Lesotho
10%
Pays Lettonie
10%
Pays Liban
10%
Pays Libye
10%
Pays Liechtenstein
10%
Pays Lituanie
10%
Pays Luxembourg
10%
Pays Macédoine du Nord
10%
Pays Malaisie
10%
Pays Malawi
10%
Pays Maldives
10%
Pays Malte
10%
Pays Maroc
10%
Pays Maurice
10%
Pays Mauritanie
10%
Pays Mexique
10%
Pays Moldavie
10%
Pays Monaco
10%
Pays Mongolie
10%
Pays Monténégro
10%
Pays Mozambique
10%
Pays Namibie
10%
Pays Nauru
10%
Pays Népal
10%
Pays Nicaragua
10%
Pays Nigeria
10%
Pays Norvège
10%
Pays Oman
10%
Pays Ouganda
10%
Pays Ouzbékistan
10%
Pays Pakistan
10%
Pays Panama
10%
Pays Papouasie-Nouvelle- Guinée
10%
Pays Pays-Bas
10%
Pays Pérou
10%
Pays Philippines
10%
Pays Pologne
10%
Pays Portugal
10%
Pays Qatar
10%
Pays République Centrafricaine
10%
Pays République Démocratique du Congo
10%
Pays République du Congo
10%
Pays République Tchèque
10%
Pays Roumanie
10%
Pays Royaume-Uni
10%
Pays Rwanda
10%
Pays Saint-Christophe- et-Niévès
10%
Pays Sainte-Lucie
10%
Pays Saint-Marin
10%
Pays Saint-Vincent-et-les- Grenadines
10%
Pays Salvador
10%
Pays Samoa
10%
Pays Sao Tomé-et-Principe
10%
Pays Sénégal
10%
Pays Seychelles
10%
Pays Sierra Leone
10%
Pays Singapour
10%
Pays Slovaquie
10%
Pays Slovénie
10%
Pays Somalie
10%
Pays Soudan du Sud
10%
Pays Sri Lanka
10%
Pays Suède
10%
Pays Suisse
10%
Pays Suriname
10%
Pays Syrie
10%
Pays Tadjikistan
10%
Pays Taïwan
10%
Pays Tanzanie
10%
Pays Thaïlande
10%
Pays Timor Oriental
10%
Pays Tonga
10%
Pays Trinité-et-Tobago
10%
Pays Tunisie
10%
Pays Turkménistan
10%
Pays Turquie
10%
Pays Tuvalu
10%
Pays Ukraine
10%
Pays Uruguay
10%
Pays Vanuatu
10%
Pays Vatican
10%
Pays Venezuela
10%
Pays Viêt Nam
10%
Pays Yémen
10%
Pays Zambie
10%
Pays Zimbabwe
10%
Pays Albanie
9%
Pays Algérie
9%
Pays Allemagne
9%
Pays Argentine
9%
Pays Arménie
9%
Pays Autriche
9%
Pays Azerbaïdjan
9%
Pays Belgique
9%
Pays Bénin
9%
Pays Cambodge
9%
Pays Cameroun
9%
Pays Cap-Vert
9%
Pays Chili
9%
Pays Cuba
9%
Pays Estonie
9%
Pays Guinée
9%
Pays Guinée Équatoriale
9%
Pays Hongrie
9%
Pays Indonésie
9%
Pays Irlande
9%
Pays Laos
9%
Pays Lituanie
9%
Pays Maroc
9%
Pays Mauritanie
9%
Pays Mexique
9%
Pays Monaco
9%
Pays Niger
9%
Pays Nigeria
9%
Pays Nouvelle-Zélande
9%
Pays Ouzbékistan
9%
Pays Panama
9%
Pays Paraguay
9%
Pays Pays-Bas
9%
Pays Pologne
9%
Pays Portugal
9%
Pays République Centrafricaine
9%
Pays République Démocratique du Congo
9%
Pays Roumanie
9%
Pays Royaume-Uni
9%
Pays Saint-Marin
9%
Pays Serbie
9%
Pays Seychelles
9%
Pays Singapour
9%
Pays Soudan du Sud
9%
Pays Suède
9%
Pays Suisse
9%
Pays Tanzanie
9%
Pays Togo
9%
Pays Tunisie
9%
Pays Turquie
9%
Pays Tuvalu
9%
Pays Uruguay
9%
Pays Viêt Nam
9%
Pays Yémen
9%
Pays Zambie
9%
Pays Zimbabwe
9%
Pays | Pays Afghanistan
8%
Pays Afrique du Sud
8%
Pays Albanie
8%
Pays Andorre
8%
Pays Angola
8%
Pays Antigua-et-Barbuda
8%
Pays Arabie Saoudite
8%
Pays Argentine
8%
Pays Arménie
8%
Pays Australie
8%
Pays Autriche
8%
Pays Azerbaïdjan
8%
Pays Bahamas
8%
Pays Bahreïn
8%
Pays Bangladesh
8%
Pays Barbade
8%
Pays Belgique
8%
Pays Belize
8%
Pays Bénin
8%
Pays Bhoutan
8%
Pays Biélorussie
8%
Pays Birmanie
8%
Pays Bolivie
8%
Pays Bosnie-Herzégovine
8%
Pays Botswana
8%
Pays Brunei
8%
Pays Burkina Faso
8%
Pays Burundi
8%
Pays Cambodge
8%
Pays Cameroun
8%
Pays Canada
8%
Pays Cap-Vert
8%
Pays Chili
8%
Pays Chypre
8%
Pays Colombie
8%
Pays Comores
8%
Pays Corée du Nord
8%
Pays Corée du Sud
8%
Pays Costa Rica
8%
Pays Côte d'Ivoire
8%
Pays Croatie
8%
Pays Cuba
8%
Pays Danemark
8%
Pays Djibouti
8%
Pays Dominique
8%
Pays Égypte
8%
Pays Émirats Arabes Unis
8%
Pays Équateur
8%
Pays Érythrée
8%
Pays Espagne
8%
Pays Estonie
8%
Pays Eswatini
8%
Pays États Fédérés de Micronésie
8%
Pays Éthiopie
8%
Pays Fidji
8%
Pays Finlande
8%
Pays Gabon
8%
Pays Gambie
8%
Pays Géorgie
8%
Pays Ghana
8%
Pays Grèce
8%
Pays Grenade
8%
Pays Guatemala
8%
Pays Guinée-Bissau
8%
Pays Guinée Équatoriale
8%
Pays Guyana
8%
Pays Haïti
8%
Pays Honduras
8%
Pays Hongrie
8%
Pays Îles Marshall
8%
Pays Îles Salomon
8%
Pays Inde
8%
Pays Indonésie
8%
Pays Iran
8%
Pays Irlande
8%
Pays Islande
8%
Pays Israël
8%
Pays Jamaïque
8%
Pays Jordanie
8%
Pays Kazakhstan
8%
Pays Kenya
8%
Pays Kirghizistan
8%
Pays Kiribati
8%
Pays Kosovo
8%
Pays Koweït
8%
Pays Laos
8%
Pays Lesotho
8%
Pays Lettonie
8%
Pays Liban
8%
Pays Liberia
8%
Pays Libye
8%
Pays Liechtenstein
8%
Pays Luxembourg
8%
Pays Macédoine du Nord
8%
Pays Madagascar
8%
Pays Malaisie
8%
Pays Malawi
8%
Pays Maldives
8%
Pays Malte
8%
Pays Maroc
8%
Pays Maurice
8%
Pays Mexique
8%
Pays Moldavie
8%
Pays Monaco
8%
Pays Mongolie
8%
Pays Monténégro
8%
Pays Mozambique
8%
Pays Namibie
8%
Pays Nauru
8%
Pays Népal
8%
Pays Nicaragua
8%
Pays Niger
8%
Pays Nigeria
8%
Pays Norvège
8%
Pays Nouvelle-Zélande
8%
Pays Oman
8%
Pays Ouganda
8%
Pays Ouzbékistan
8%
Pays Pakistan
8%
Pays Palaos
8%
Pays Panama
8%
Pays Papouasie-Nouvelle- Guinée
8%
Pays Paraguay
8%
Pays Pays-Bas
8%
Pays Pérou
8%
Pays Philippines
8%
Pays Pologne
8%
Pays Portugal
8%
Pays Qatar
8%
Pays République Centrafricaine
8%
Pays République Démocratique du Congo
8%
Pays République Dominicaine
8%
Pays République du Congo
8%
Pays République Tchèque
8%
Pays Roumanie
8%
Pays Royaume-Uni
8%
Pays Rwanda
8%
Pays Saint-Christophe- et-Niévès
8%
Pays Sainte-Lucie
8%
Pays Saint-Marin
8%
Pays Saint-Vincent-et-les- Grenadines
8%
Pays Salvador
8%
Pays Samoa
8%
Pays Sao Tomé-et-Principe
8%
Pays Serbie
8%
Pays Sierra Leone
8%
Pays Singapour
8%
Pays Slovaquie
8%
Pays Slovénie
8%
Pays Somalie
8%
Pays Soudan
8%
Pays Soudan du Sud
8%
Pays Sri Lanka
8%
Pays Suède
8%
Pays Suisse
8%
Pays Suriname
8%
Pays Syrie
8%
Pays Tadjikistan
8%
Pays Taïwan
8%
Pays Tanzanie
8%
Pays Tchad
8%
Pays Thaïlande
8%
Pays Timor Oriental
8%
Pays Togo
8%
Pays Tonga
8%
Pays Trinité-et-Tobago
8%
Pays Tunisie
8%
Pays Turkménistan
8%
Pays Turquie
8%
Pays Tuvalu
8%
Pays Ukraine
8%
Pays Uruguay
8%
Pays Vanuatu
8%
Pays Vatican
8%
Pays Venezuela
8%
Pays Viêt Nam
8%
Pays Yémen
8%
Pays Zambie
8%
Pays Zimbabwe
8%
Pays | Pays | Pays | Pays Afghanistan
7%
Pays Afrique du Sud
7%
Pays Albanie
7%
Pays Allemagne
7%
Pays Andorre
7%
Pays Angola
7%
Pays Antigua-et-Barbuda
7%
Pays Arabie Saoudite
7%
Pays Arménie
7%
Pays Autriche
7%
Pays Azerbaïdjan
7%
Pays Bahamas
7%
Pays Bahreïn
7%
Pays Bangladesh
7%
Pays Barbade
7%
Pays Belgique
7%
Pays Belize
7%
Pays Bénin
7%
Pays Bhoutan
7%
Pays Biélorussie
7%
Pays Birmanie
7%
Pays Bolivie
7%
Pays Bosnie-Herzégovine
7%
Pays Botswana
7%
Pays Brunei
7%
Pays Bulgarie
7%
Pays Burkina Faso
7%
Pays Burundi
7%
Pays Cambodge
7%
Pays Cameroun
7%
Pays Cap-Vert
7%
Pays Chili
7%
Pays Chypre
7%
Pays Colombie
7%
Pays Comores
7%
Pays Corée du Nord
7%
Pays Corée du Sud
7%
Pays Costa Rica
7%
Pays Côte d'Ivoire
7%
Pays Croatie
7%
Pays Cuba
7%
Pays Danemark
7%
Pays Djibouti
7%
Pays Dominique
7%
Pays Égypte
7%
Pays Émirats Arabes Unis
7%
Pays Équateur
7%
Pays Érythrée
7%
Pays Estonie
7%
Pays Eswatini
7%
Pays États Fédérés de Micronésie
7%
Pays Éthiopie
7%
Pays Fidji
7%
Pays Finlande
7%
Pays Gabon
7%
Pays Gambie
7%
Pays Géorgie
7%
Pays Ghana
7%
Pays Grèce
7%
Pays Grenade
7%
Pays Guatemala
7%
Pays Guinée
7%
Pays Guinée-Bissau
7%
Pays Guinée Équatoriale
7%
Pays Guyana
7%
Pays Haïti
7%
Pays Honduras
7%
Pays Hongrie
7%
Pays Îles Marshall
7%
Pays Îles Salomon
7%
Pays Indonésie
7%
Pays Irak
7%
Pays Iran
7%
Pays Irlande
7%
Pays Islande
7%
Pays Israël
7%
Pays Jamaïque
7%
Pays Jordanie
7%
Pays Kazakhstan
7%
Pays Kenya
7%
Pays Kirghizistan
7%
Pays Kiribati
7%
Pays Kosovo
7%
Pays Koweït
7%
Pays Laos
7%
Pays Lesotho
7%
Pays Lettonie
7%
Pays Liban
7%
Pays Liberia
7%
Pays Libye
7%
Pays Liechtenstein
7%
Pays Lituanie
7%
Pays Luxembourg
7%
Pays Macédoine du Nord
7%
Pays Madagascar
7%
Pays Malaisie
7%
Pays Malawi
7%
Pays Maldives
7%
Pays Mali
7%
Pays Malte
7%
Pays Maroc
7%
Pays Maurice
7%
Pays Mauritanie
7%
Pays Mexique
7%
Pays Moldavie
7%
Pays Monaco
7%
Pays Mongolie
7%
Pays Monténégro
7%
Pays Mozambique
7%
Pays Namibie
7%
Pays Nauru
7%
Pays Népal
7%
Pays Nicaragua
7%
Pays Nigeria
7%
Pays Norvège
7%
Pays Nouvelle-Zélande
7%
Pays Oman
7%
Pays Ouganda
7%
Pays Ouzbékistan
7%
Pays Pakistan
7%
Pays Palaos
7%
Pays Panama
7%
Pays Papouasie-Nouvelle- Guinée
7%
Pays Paraguay
7%
Pays Pays-Bas
7%
Pays Pérou
7%
Pays Philippines
7%
Pays Pologne
7%
Pays Portugal
7%
Pays Qatar
7%
Pays République Centrafricaine
7%
Pays République Démocratique du Congo
7%
Pays République Dominicaine
7%
Pays République du Congo
7%
Pays République Tchèque
7%
Pays Roumanie
7%
Pays Royaume-Uni
7%
Pays Rwanda
7%
Pays Saint-Christophe- et-Niévès
7%
Pays Sainte-Lucie
7%
Pays Saint-Marin
7%
Pays Saint-Vincent-et-les- Grenadines
7%
Pays Salvador
7%
Pays Samoa
7%
Pays Sao Tomé-et-Principe
7%
Pays Sénégal
7%
Pays Serbie
7%
Pays Seychelles
7%
Pays Sierra Leone
7%
Pays Singapour
7%
Pays Slovaquie
7%
Pays Slovénie
7%
Pays Somalie
7%
Pays Soudan
7%
Pays Soudan du Sud
7%
Pays Sri Lanka
7%
Pays Suède
7%
Pays Suisse
7%
Pays Suriname
7%
Pays Syrie
7%
Pays Tadjikistan
7%
Pays Taïwan
7%
Pays Tanzanie
7%
Pays Tchad
7%
Pays Thaïlande
7%
Pays Timor Oriental
7%
Pays Togo
7%
Pays Tonga
7%
Pays Trinité-et-Tobago
7%
Pays Tunisie
7%
Pays Turkménistan
7%
Pays Turquie
7%
Pays Tuvalu
7%
Pays Ukraine
7%
Pays Uruguay
7%
Pays Vanuatu
7%
Pays Vatican
7%
Pays Venezuela
7%
Pays Viêt Nam
7%
Pays Yémen
7%
Pays Zambie
7%
Pays Zimbabwe
7%
Pays | Pays | Pays | +2 others Afghanistan
6%
Pays Afrique du Sud
6%
Pays Albanie
6%
Pays Algérie
6%
Pays Andorre
6%
Pays Angola
6%
Pays Antigua-et-Barbuda
6%
Pays Arabie Saoudite
6%
Pays Argentine
6%
Pays Arménie
6%
Pays Australie
6%
Pays Autriche
6%
Pays Azerbaïdjan
6%
Pays Bahamas
6%
Pays Bahreïn
6%
Pays Bangladesh
6%
Pays Barbade
6%
Pays Belgique
6%
Pays Belize
6%
Pays Bénin
6%
Pays Bhoutan
6%
Pays Biélorussie
6%
Pays Birmanie
6%
Pays Bolivie
6%
Pays Bosnie-Herzégovine
6%
Pays Botswana
6%
Pays Brunei
6%
Pays Bulgarie
6%
Pays Burkina Faso
6%
Pays Burundi
6%
Pays Cambodge
6%
Pays Cameroun
6%
Pays Cap-Vert
6%
Pays Chili
6%
Pays Chypre
6%
Pays Colombie
6%
Pays Comores
6%
Pays Corée du Nord
6%
Pays Corée du Sud
6%
Pays Costa Rica
6%
Pays Côte d'Ivoire
6%
Pays Croatie
6%
Pays Cuba
6%
Pays Danemark
6%
Pays Djibouti
6%
Pays Dominique
6%
Pays Égypte
6%
Pays Émirats Arabes Unis
6%
Pays Équateur
6%
Pays Érythrée
6%
Pays Estonie
6%
Pays Eswatini
6%
Pays États Fédérés de Micronésie
6%
Pays Éthiopie
6%
Pays Fidji
6%
Pays Finlande
6%
Pays Gabon
6%
Pays Gambie
6%
Pays Géorgie
6%
Pays Ghana
6%
Pays Grèce
6%
Pays Grenade
6%
Pays Guatemala
6%
Pays Guinée
6%
Pays Guinée-Bissau
6%
Pays Guinée Équatoriale
6%
Pays Guyana
6%
Pays Haïti
6%
Pays Honduras
6%
Pays Hongrie
6%
Pays Îles Marshall
6%
Pays Îles Salomon
6%
Pays Inde
6%
Pays Indonésie
6%
Pays Irak
6%
Pays Iran
6%
Pays Irlande
6%
Pays Islande
6%
Pays Israël
6%
Pays Jamaïque
6%
Pays Japon
6%
Pays Jordanie
6%
Pays Kazakhstan
6%
Pays Kenya
6%
Pays Kirghizistan
6%
Pays Kiribati
6%
Pays Kosovo
6%
Pays Koweït
6%
Pays Laos
6%
Pays Lesotho
6%
Pays Lettonie
6%
Pays Liban
6%
Pays Liberia
6%
Pays Libye
6%
Pays Liechtenstein
6%
Pays Lituanie
6%
Pays Luxembourg
6%
Pays Macédoine du Nord
6%
Pays Madagascar
6%
Pays Malaisie
6%
Pays Malawi
6%
Pays Maldives
6%
Pays Mali
6%
Pays Malte
6%
Pays Maroc
6%
Pays Maurice
6%
Pays Mauritanie
6%
Pays Mexique
6%
Pays Moldavie
6%
Pays Monaco
6%
Pays Mongolie
6%
Pays Monténégro
6%
Pays Mozambique
6%
Pays Namibie
6%
Pays Nauru
6%
Pays Népal
6%
Pays Nicaragua
6%
Pays Niger
6%
Pays Nigeria
6%
Pays Norvège
6%
Pays Nouvelle-Zélande
6%
Pays Oman
6%
Pays Ouganda
6%
Pays Ouzbékistan
6%
Pays Pakistan
6%
Pays Palaos
6%
Pays Panama
6%
Pays Papouasie-Nouvelle- Guinée
6%
Pays Paraguay
6%
Pays Pays-Bas
6%
Pays Pérou
6%
Pays Philippines
6%
Pays Pologne
6%
Pays Portugal
6%
Pays Qatar
6%
Pays République Centrafricaine
6%
Pays République Démocratique du Congo
6%
Pays République Dominicaine
6%
Pays République du Congo
6%
Pays République Tchèque
6%
Pays Roumanie
6%
Pays Royaume-Uni
6%
Pays Rwanda
6%
Pays Saint-Christophe- et-Niévès
6%
Pays Sainte-Lucie
6%
Pays Saint-Marin
6%
Pays Saint-Vincent-et-les- Grenadines
6%
Pays Salvador
6%
Pays Samoa
6%
Pays Sao Tomé-et-Principe
6%
Pays Sénégal
6%
Pays Serbie
6%
Pays Seychelles
6%
Pays Sierra Leone
6%
Pays Singapour
6%
Pays Slovaquie
6%
Pays Slovénie
6%
Pays Somalie
6%
Pays Soudan
6%
Pays Soudan du Sud
6%
Pays Sri Lanka
6%
Pays Suède
6%
Pays Suisse
6%
Pays Suriname
6%
Pays Syrie
6%
Pays Tadjikistan
6%
Pays Taïwan
6%
Pays Tanzanie
6%
Pays Tchad
6%
Pays Thaïlande
6%
Pays Timor Oriental
6%
Pays Togo
6%
Pays Tonga
6%
Pays Trinité-et-Tobago
6%
Pays Tunisie
6%
Pays Turkménistan
6%
Pays Turquie
6%
Pays Tuvalu
6%
Pays Ukraine
6%
Pays Uruguay
6%
Pays Vanuatu
6%
Pays Vatican
6%
Pays Venezuela
6%
Pays Viêt Nam
6%
Pays Yémen
6%
Pays Zambie
6%
Pays Zimbabwe
6%
Pays | Pays Afghanistan
5%
Pays Afrique du Sud
5%
Pays Albanie
5%
Pays Algérie
5%
Pays Andorre
5%
Pays Angola
5%
Pays Antigua-et-Barbuda
5%
Pays Arabie Saoudite
5%
Pays Argentine
5%
Pays Australie
5%
Pays Autriche
5%
Pays Azerbaïdjan
5%
Pays Bahreïn
5%
Pays Bangladesh
5%
Pays Belize
5%
Pays Bénin
5%
Pays Bhoutan
5%
Pays Biélorussie
5%
Pays Bolivie
5%
Pays Bosnie-Herzégovine
5%
Pays Botswana
5%
Pays Brunei
5%
Pays Bulgarie
5%
Pays Burkina Faso
5%
Pays Burundi
5%
Pays Cambodge
5%
Pays Cap-Vert
5%
Pays Chili
5%
Pays Chypre
5%
Pays Colombie
5%
Pays Comores
5%
Pays Corée du Nord
5%
Pays Corée du Sud
5%
Pays Costa Rica
5%
Pays Croatie
5%
Pays Cuba
5%
Pays Danemark
5%
Pays Djibouti
5%
Pays Dominique
5%
Pays Émirats Arabes Unis
5%
Pays Équateur
5%
Pays Érythrée
5%
Pays Eswatini
5%
Pays États Fédérés de Micronésie
5%
Pays Éthiopie
5%
Pays Fidji
5%
Pays Finlande
5%
Pays Gambie
5%
Pays Géorgie
5%
Pays Ghana
5%
Pays Grèce
5%
Pays Grenade
5%
Pays Guatemala
5%
Pays Guinée
5%
Pays Guinée-Bissau
5%
Pays Guinée Équatoriale
5%
Pays Haïti
5%
Pays Honduras
5%
Pays Hongrie
5%
Pays Îles Marshall
5%
Pays Îles Salomon
5%
Pays Inde
5%
Pays Indonésie
5%
Pays Irak
5%
Pays Iran
5%
Pays Irlande
5%
Pays Islande
5%
Pays Israël
5%
Pays Jamaïque
5%
Pays Japon
5%
Pays Jordanie
5%
Pays Kazakhstan
5%
Pays Kenya
5%
Pays Kirghizistan
5%
Pays Kiribati
5%
Pays Kosovo
5%
Pays Koweït
5%
Pays Laos
5%
Pays Lesotho
5%
Pays Liban
5%
Pays Liberia
5%
Pays Libye
5%
Pays Liechtenstein
5%
Pays Lituanie
5%
Pays Luxembourg
5%
Pays Macédoine du Nord
5%
Pays Madagascar
5%
Pays Malaisie
5%
Pays Malawi
5%
Pays Maldives
5%
Pays Malte
5%
Pays Maroc
5%
Pays Maurice
5%
Pays Mauritanie
5%
Pays Mexique
5%
Pays Moldavie
5%
Pays Monaco
5%
Pays Mongolie
5%
Pays Monténégro
5%
Pays Mozambique
5%
Pays Namibie
5%
Pays Népal
5%
Pays Nicaragua
5%
Pays Niger
5%
Pays Nigeria
5%
Pays Norvège
5%
Pays Nouvelle-Zélande
5%
Pays Oman
5%
Pays Ouganda
5%
Pays Ouzbékistan
5%
Pays Pakistan
5%
Pays Panama
5%
Pays Papouasie-Nouvelle- Guinée
5%
Pays Paraguay
5%
Pays Pays-Bas
5%
Pays Pérou
5%
Pays Philippines
5%
Pays Pologne
5%
Pays Portugal
5%
Pays Qatar
5%
Pays République Centrafricaine
5%
Pays République Démocratique du Congo
5%
Pays République Dominicaine
5%
Pays République du Congo
5%
Pays République Tchèque
5%
Pays Roumanie
5%
Pays Royaume-Uni
5%
Pays Rwanda
5%
Pays Saint-Christophe- et-Niévès
5%
Pays Sainte-Lucie
5%
Pays Saint-Marin
5%
Pays Saint-Vincent-et-les- Grenadines
5%
Pays Salvador
5%
Pays Samoa
5%
Pays Sao Tomé-et-Principe
5%
Pays Sénégal
5%
Pays Serbie
5%
Pays Seychelles
5%
Pays Sierra Leone
5%
Pays Singapour
5%
Pays Slovaquie
5%
Pays Slovénie
5%
Pays Somalie
5%
Pays Soudan
5%
Pays Soudan du Sud
5%
Pays Sri Lanka
5%
Pays Suède
5%
Pays Suisse
5%
Pays Suriname
5%
Pays Syrie
5%
Pays Tadjikistan
5%
Pays Taïwan
5%
Pays Tanzanie
5%
Pays Tchad
5%
Pays Thaïlande
5%
Pays Timor Oriental
5%
Pays Tonga
5%
Pays Trinité-et-Tobago
5%
Pays Tunisie
5%
Pays Turkménistan
5%
Pays Tuvalu
5%
Pays Ukraine
5%
Pays Uruguay
5%
Pays Vanuatu
5%
Pays Vatican
5%
Pays Venezuela
5%
Pays Viêt Nam
5%
Pays Yémen
5%
Pays Zambie
5%
Pays Zimbabwe
5%
Pays Arabie Saoudite
4%
Pays Autriche
4%
Pays Bhoutan
4%
Pays Bolivie
4%
Pays Botswana
4%
Pays Comores
4%
Pays Corée du Nord
4%
Pays Corée du Sud
4%
Pays Grèce
4%
Pays Grenade
4%
Pays Irak
4%
Pays Iran
4%
Pays Jamaïque
4%
Pays Kazakhstan
4%
Pays Laos
4%
Pays Népal
4%
Pays Niger
4%
Pays Panama
4%
Pays Papouasie-Nouvelle- Guinée
4%
Pays Portugal
4%
Pays Sierra Leone
4%
Pays Suède
4%
Pays Thaïlande
4%
Pays | Pays | Pays | +17 others Afghanistan
0%
Pays Afrique du Sud
0%
Pays Albanie
0%
Pays Algérie
0%
Pays Andorre
0%
Pays Angola
0%
Pays Antigua-et-Barbuda
0%
Pays Arabie Saoudite
0%
Pays Argentine
0%
Pays Arménie
0%
Pays Autriche
0%
Pays Azerbaïdjan
0%
Pays Bahamas
0%
Pays Bahreïn
0%
Pays Bangladesh
0%
Pays Barbade
0%
Pays Belgique
0%
Pays Belize
0%
Pays Bénin
0%
Pays Bhoutan
0%
Pays Biélorussie
0%
Pays Birmanie
0%
Pays Bolivie
0%
Pays Bosnie-Herzégovine
0%
Pays Botswana
0%
Pays Brunei
0%
Pays Bulgarie
0%
Pays Burkina Faso
0%
Pays Burundi
0%
Pays Cambodge
0%
Pays Cameroun
0%
Pays Cap-Vert
0%
Pays Chili
0%
Pays Chypre
0%
Pays Colombie
0%
Pays Comores
0%
Pays Corée du Nord
0%
Pays Corée du Sud
0%
Pays Costa Rica
0%
Pays Côte d'Ivoire
0%
Pays Croatie
0%
Pays Cuba
0%
Pays Danemark
0%
Pays Djibouti
0%
Pays Dominique
0%
Pays Égypte
0%
Pays Émirats Arabes Unis
0%
Pays Équateur
0%
Pays Érythrée
0%
Pays Estonie
0%
Pays Eswatini
0%
Pays États Fédérés de Micronésie
0%
Pays Éthiopie
0%
Pays Fidji
0%
Pays Finlande
0%
Pays Gabon
0%
Pays Gambie
0%
Pays Géorgie
0%
Pays Ghana
0%
Pays Grèce
0%
Pays Grenade
0%
Pays Guatemala
0%
Pays Guinée
0%
Pays Guinée-Bissau
0%
Pays Guinée Équatoriale
0%
Pays Guyana
0%
Pays Haïti
0%
Pays Honduras
0%
Pays Hongrie
0%
Pays Îles Marshall
0%
Pays Îles Salomon
0%
Pays Inde
0%
Pays Indonésie
0%
Pays Irak
0%
Pays Iran
0%
Pays Irlande
0%
Pays Islande
0%
Pays Israël
0%
Pays Jamaïque
0%
Pays Japon
0%
Pays Jordanie
0%
Pays Kazakhstan
0%
Pays Kenya
0%
Pays Kirghizistan
0%
Pays Kiribati
0%
Pays Kosovo
0%
Pays Koweït
0%
Pays Laos
0%
Pays Lesotho
0%
Pays Lettonie
0%
Pays Liban
0%
Pays Liberia
0%
Pays Libye
0%
Pays Liechtenstein
0%
Pays Lituanie
0%
Pays Luxembourg
0%
Pays Macédoine du Nord
0%
Pays Madagascar
0%
Pays Malaisie
0%
Pays Malawi
0%
Pays Maldives
0%
Pays Mali
0%
Pays Malte
0%
Pays Maroc
0%
Pays Maurice
0%
Pays Mauritanie
0%
Pays Mexique
0%
Pays Moldavie
0%
Pays Monaco
0%
Pays Mongolie
0%
Pays Monténégro
0%
Pays Mozambique
0%
Pays Namibie
0%
Pays Nauru
0%
Pays Népal
0%
Pays Nicaragua
0%
Pays Niger
0%
Pays Nigeria
0%
Pays Norvège
0%
Pays Nouvelle-Zélande
0%
Pays Oman
0%
Pays Ouganda
0%
Pays Ouzbékistan
0%
Pays Pakistan
0%
Pays Palaos
0%
Pays Panama
0%
Pays Papouasie-Nouvelle- Guinée
0%
Pays Paraguay
0%
Pays Pays-Bas
0%
Pays Pérou
0%
Pays Philippines
0%
Pays Pologne
0%
Pays Portugal
0%
Pays Qatar
0%
Pays République Centrafricaine
0%
Pays République Démocratique du Congo
0%
Pays République Dominicaine
0%
Pays République du Congo
0%
Pays République Tchèque
0%
Pays Roumanie
0%
Pays Royaume-Uni
0%
Pays Rwanda
0%
Pays Saint-Christophe- et-Niévès
0%
Pays Sainte-Lucie
0%
Pays Saint-Marin
0%
Pays Saint-Vincent-et-les- Grenadines
0%
Pays Salvador
0%
Pays Samoa
0%
Pays Sao Tomé-et-Principe
0%
Pays Sénégal
0%
Pays Serbie
0%
Pays Seychelles
0%
Pays Sierra Leone
0%
Pays Singapour
0%
Pays Slovaquie
0%
Pays Slovénie
0%
Pays Somalie
0%
Pays Soudan
0%
Pays Soudan du Sud
0%
Pays Sri Lanka
0%
Pays Suède
0%
Pays Suisse
0%
Pays Suriname
0%
Pays Syrie
0%
Pays Tadjikistan
0%
Pays Taïwan
0%
Pays Tanzanie
0%
Pays Tchad
0%
Pays Thaïlande
0%
Pays Timor Oriental
0%
Pays Togo
0%
Pays Tonga
0%
Pays Trinité-et-Tobago
0%
Pays Tunisie
0%
Pays Turkménistan
0%
Pays Turquie
0%
Pays Tuvalu
0%
Pays Ukraine
0%
Pays Uruguay
0%
Pays Vanuatu
0%
Pays Vatican
0%
Pays Venezuela
0%
Pays Viêt Nam
0%
Pays Yémen
0%
Pays Zambie
0%
Pays Zimbabwe
0%
Aucun quiz correspondant
Distribution des résultats
% des personnes avec chaque résultat
Percentile par nombre de réponses
Votre historique - résultats
Vous n’avez pas pris ce quiz depuis la dernière actualisation